{"text_format":"3","workbook":"xlsx","n_sheets":1,"sheets":["SD 9"],"not_rendered":{"defined_names":1},"read":"whole","date_system":"1900"}

{"sheet":"SD 9","index":0,"n_rows":109,"n_cols":24,"rows_kept":109}
["Supplementary Data 9. Sequence alterations detected in ctDNA"]
["Patient","Patient Timepoint","Timepoint Significance","Gene Symbol","Amino Acid (Protein)","Gene Description","Transcript Accession","Chromosome","Genomic Start (hg19)","Genomic End (hg19)","Base From","Base To","Mutation Type","Consequence","Mutant Allele Fraction","Total Distinct Coverage","Distinct Mutant Coverage","Hotspot Alteration","Reported Samples with the Identical Somatic Mutation","Reported somatic mutations in the same amino acid residue","Reported somatic mutations in nearby amino acid residues","Gene reported to be somatically mutated in the following cancers","Position of Mutation Within a Protein Domain","Position of Mutation Near to a Protein Domain"]
["CGST102","CGST102P","Baseline","PIK3CA","E109del","phosphatidylinositol-4,5-bisphosphate 3-kinase, catalytic subunit alpha","CCDS43171.1",3,178916938,178916940,"GAA","NULL","Deletion","In-frame deletion",{"v":0.004269,"d":"0.43%"},2577,11,"No","endometrium (5 cases),breast (2 cases),large_intestine (1 cases),oesophagus (1 cases),urinary_tract (1 cases)","-","endometrium (35 cases),large_intestine (34 cases),breast (20 cases),stomach (7 cases),central_nervous_system (7 cases),lung (6 cases),ovary (4 cases),urinary_tract (4 cases),NS (2 cases),upper_aerodigestive_tract (2 cases),kidney (1 cases),oesophagus (1 cases),autonomic_ganglia (1 cases),skin (1 cases),prostate (1 cases),meninges (1 cases),biliary_tract (1 cases)","breast (1991 cases),large_intestine (1502 cases),endometrium (617 cases),urinary_tract (273 cases),ovary (218 cases),lung (184 cases),central_nervous_system (168 cases),upper_aerodigestive_tract (157 cases),stomach (153 cases),thyroid (87 cases),skin (84 cases),liver (60 cases),oesophagus (46 cases),cervix (42 cases),haematopoietic_and_lymphoid_tissue (33 cases),soft_tissue (33 cases),kidney (31 cases),pancreas (26 cases),gastrointestinal_tract_(site_indeterminate) (21 cases),prostate (19 cases),salivary_gland (16 cases),NS (13 cases),pituitary (12 cases),biliary_tract (10 cases),penis (8 cases),small_intestine (8 cases),vulva (7 cases),autonomic_ganglia (6 cases),bone (5 cases),meninges (3 cases),peritoneum (2 cases),parathyroid (1 cases),pleura (1 cases),eye (1 cases)","-"," PI3-kinase family, p85-binding domain (31-108)"]
["CGST105","CGST105P","Baseline","ATM","R2832H","ataxia telangiectasia mutated","CCDS31669.1",11,108216546,108216546,"G","A","Substitution","Nonsynonymous coding",{"v":0.026316,"d":"2.63%"},2736,72,"No","-","R2832R/R2832S/R2832C large_intestine (5 cases),haematopoietic_and_lymphoid_tissue (2 cases),NS (1 cases),central_nervous_system (1 cases),stomach (1 cases),lung (1 cases)","prostate (1 cases),haematopoietic_and_lymphoid_tissue (1 cases)","haematopoietic_and_lymphoid_tissue (358 cases),large_intestine (247 cases),lung (79 cases),skin (45 cases),stomach (37 cases),breast (34 cases),kidney (34 cases),endometrium (34 cases),liver (32 cases),pancreas (27 cases),urinary_tract (24 cases),prostate (21 cases),central_nervous_system (15 cases),oesophagus (13 cases),ovary (9 cases),upper_aerodigestive_tract (9 cases),bone (6 cases),thyroid (5 cases),biliary_tract (5 cases),NS (3 cases),autonomic_ganglia (3 cases),salivary_gland (2 cases),soft_tissue (2 cases),peritoneum (1 cases),small_intestine (1 cases)"," Ataxia telangiectasia mutated (ATM), catalytic domain (2683-2962); Phosphoinositide 3-kinase, catalytic domain (2715-2964)","-"]
["CGST105","CGST105P","Baseline","KRAS","G12C","Kirsten rat sarcoma viral oncogene homolog","NM_033360",12,25398285,25398285,"C","A","Substitution","Nonsynonymous coding",{"v":0.012105,"d":"1.21%"},2561,31,"Yes","lung (1836 cases),large_intestine (1483 cases),pancreas (130 cases),biliary_tract (52 cases),endometrium (38 cases),ovary (35 cases),haematopoietic_and_lymphoid_tissue (19 cases),thyroid (18 cases),stomach (16 cases),soft_tissue (15 cases),urinary_tract (12 cases),breast (10 cases),prostate (10 cases),upper_aerodigestive_tract (8 cases),small_intestine (8 cases),peritoneum (7 cases),skin (5 cases),liver (4 cases),gastrointestinal_tract_(site_indeterminate) (4 cases),oesophagus (2 cases),cervix (2 cases),testis (2 cases),kidney (1 cases),genital_tract (1 cases),adrenal_gland (1 cases),central_nervous_system (1 cases)","G12R/GG12DG/GG12EG/GG12GC/GG12GR/GG12CG/G12N/GG12WG/G12G/G12A/G12S/G12Y/GG12VG/G12D/G12F/G12V/G12I/G12L large_intestine (12669 cases),pancreas (4482 cases),lung (2340 cases),ovary (566 cases),biliary_tract (536 cases),endometrium (328 cases),haematopoietic_and_lymphoid_tissue (257 cases),stomach (168 cases),small_intestine (108 cases),peritoneum (72 cases),thyroid (71 cases),prostate (64 cases),skin (60 cases),urinary_tract (50 cases),cervix (45 cases),upper_aerodigestive_tract (38 cases),gastrointestinal_tract_(site_indeterminate) (34 cases),breast (33 cases),soft_tissue (27 cases),liver (24 cases),oesophagus (18 cases),testis (14 cases),central_nervous_system (13 cases),bone (9 cases),genital_tract (5 cases),kidney (5 cases),eye (4 cases),thymus (3 cases),pleura (2 cases),salivary_gland (1 cases),penis (1 cases),vulva (1 cases),autonomic_ganglia (1 cases)","large_intestine (3499 cases),lung (287 cases),haematopoietic_and_lymphoid_tissue (138 cases),stomach (72 cases),endometrium (61 cases),ovary (47 cases),pancreas (47 cases),soft_tissue (41 cases),biliary_tract (32 cases),thyroid (24 cases),small_intestine (21 cases),gastrointestinal_tract_(site_indeterminate) (17 cases),prostate (16 cases),breast (13 cases),peritoneum (9 cases),upper_aerodigestive_tract (8 cases),liver (7 cases),urinary_tract (6 cases),oesophagus (6 cases),cervix (5 cases),salivary_gland (4 cases),pleura (3 cases),skin (3 cases),bone (2 cases),genital_tract (1 cases),thymus (1 cases),central_nervous_system (1 cases)","large_intestine (18048 cases),pancreas (4720 cases),lung (4542 cases),ovary (649 cases),biliary_tract (626 cases),haematopoietic_and_lymphoid_tissue (488 cases),endometrium (442 cases),stomach (276 cases),small_intestine (142 cases),thyroid (137 cases),prostate (93 cases),peritoneum (91 cases),soft_tissue (87 cases),skin (79 cases),urinary_tract (72 cases),upper_aerodigestive_tract (64 cases),breast (61 cases),cervix (57 cases),gastrointestinal_tract_(site_indeterminate) (55 cases),liver (44 cases),oesophagus (29 cases),central_nervous_system (25 cases),testis (16 cases),genital_tract (14 cases),bone (11 cases),salivary_gland (10 cases),kidney (9 cases),pleura (5 cases),thymus (4 cases),eye (4 cases),penis (1 cases),adrenal_gland (1 cases),vulva (1 cases),autonomic_ganglia (1 cases)"," Ras GTPase family containing H-Ras,N-Ras and K-Ras4A/4B (3-164); Ras-like protein (1-189)","-"]
["CGST105","CGST105P","Baseline","PIK3CA","Y1021C","phosphatidylinositol-4,5-bisphosphate 3-kinase, catalytic subunit alpha","CCDS43171.1",3,178952007,178952007,"A","G","Substitution","Nonsynonymous coding",{"v":1.885E-3,"d":"0.19%"},5304,10,"Yes","endometrium (13 cases),large_intestine (7 cases),stomach (4 cases),ovary (1 cases),breast (1 cases),central_nervous_system (1 cases),lung (1 cases)","Y1021F/Y1021N/Y1021H lung (4 cases),endometrium (2 cases),large_intestine (1 cases),central_nervous_system (1 cases),prostate (1 cases),stomach (1 cases)","large_intestine (39 cases),breast (24 cases),endometrium (21 cases),thyroid (7 cases),ovary (5 cases),lung (5 cases),haematopoietic_and_lymphoid_tissue (4 cases),upper_aerodigestive_tract (4 cases),central_nervous_system (3 cases),stomach (1 cases),urinary_tract (1 cases),liver (1 cases),pituitary (1 cases)","breast (1991 cases),large_intestine (1502 cases),endometrium (617 cases),urinary_tract (273 cases),ovary (218 cases),lung (184 cases),central_nervous_system (168 cases),upper_aerodigestive_tract (157 cases),stomach (153 cases),thyroid (87 cases),skin (84 cases),liver (60 cases),oesophagus (46 cases),cervix (42 cases),haematopoietic_and_lymphoid_tissue (33 cases),soft_tissue (33 cases),kidney (31 cases),pancreas (26 cases),gastrointestinal_tract_(site_indeterminate) (21 cases),prostate (19 cases),salivary_gland (16 cases),NS (13 cases),pituitary (12 cases),biliary_tract (10 cases),penis (8 cases),small_intestine (8 cases),vulva (7 cases),autonomic_ganglia (6 cases),bone (5 cases),meninges (3 cases),peritoneum (2 cases),parathyroid (1 cases),pleura (1 cases),eye (1 cases)"," Phosphoinositide 3-kinase (PI3K), class IA, alpha isoform, catalytic domain (699-1064)"," Phosphoinositide 3-kinase, catalytic domain (799-1017)"]
["CGST105","CGST105P","Baseline","PTEN","R335*","phosphatase and tensin homolog","CCDS31238.1",10,89720852,89720852,"C","T","Substitution","Nonsense",{"v":0.048494,"d":"4.85%"},1959,95,"Yes","central_nervous_system (14 cases),endometrium (4 cases),large_intestine (3 cases),haematopoietic_and_lymphoid_tissue (3 cases),upper_aerodigestive_tract (1 cases),stomach (1 cases)","-","endometrium (17 cases),large_intestine (12 cases),central_nervous_system (8 cases),skin (3 cases),kidney (3 cases),lung (2 cases),upper_aerodigestive_tract (2 cases),breast (1 cases),prostate (1 cases),thyroid (1 cases),soft_tissue (1 cases),oesophagus (1 cases)","endometrium (845 cases),central_nervous_system (560 cases),large_intestine (337 cases),haematopoietic_and_lymphoid_tissue (131 cases),skin (101 cases),breast (99 cases),lung (75 cases),prostate (59 cases),kidney (45 cases),ovary (44 cases),stomach (42 cases),thyroid (28 cases),liver (24 cases),upper_aerodigestive_tract (18 cases),cervix (13 cases),oesophagus (12 cases),soft_tissue (11 cases),urinary_tract (11 cases),vulva (9 cases),pancreas (9 cases),NS (8 cases),biliary_tract (5 cases),eye (4 cases),salivary_gland (3 cases),bone (2 cases),genital_tract (2 cases),meninges (2 cases),autonomic_ganglia (1 cases)"," C2 domain of PTEN tumour-suppressor protein (188-349)","-"]
["CGST109","CGST109P","Baseline","BRAF","G32_A33del","v-raf murine sarcoma viral oncogene homolog B","CCDS5863.1",7,140624404,140624409,"CGGCGC","NULL","Deletion","In-frame deletion",{"v":0.004348,"d":"0.43%"},1380,6,"No","-","-","haematopoietic_and_lymphoid_tissue (1 cases)","thyroid (12133 cases),skin (5148 cases),large_intestine (4462 cases),NS (860 cases),haematopoietic_and_lymphoid_tissue (515 cases),central_nervous_system (322 cases),ovary (261 cases),lung (170 cases),eye (67 cases),pituitary (57 cases),endometrium (37 cases),soft_tissue (36 cases),biliary_tract (33 cases),stomach (29 cases),breast (27 cases),prostate (27 cases),liver (24 cases),upper_aerodigestive_tract (22 cases),urinary_tract (21 cases),pancreas (18 cases),small_intestine (16 cases),bone (15 cases),testis (8 cases),cervix (6 cases),kidney (6 cases),oesophagus (5 cases),genital_tract (4 cases),adrenal_gland (4 cases),salivary_gland (2 cases),meninges (2 cases),autonomic_ganglia (2 cases),pleura (1 cases)","-","-"]
["CGST110","CGST110P","Baseline","ERBB4","T639M","v-erb-b2 avian erythroblastic leukemia viral oncogene homolog 4","CCDS2394.1",2,212522509,212522509,"G","A","Substitution","Nonsynonymous coding",{"v":1.4831294030404152E-3,"d":"0.15%"},2697,4,"No","-","-","lung (3 cases),skin (2 cases),large_intestine (1 cases),urinary_tract (1 cases)","large_intestine (126 cases),skin (120 cases),lung (99 cases),stomach (48 cases),liver (28 cases),breast (23 cases),oesophagus (22 cases),endometrium (22 cases),upper_aerodigestive_tract (20 cases),kidney (17 cases),pancreas (13 cases),urinary_tract (10 cases),haematopoietic_and_lymphoid_tissue (9 cases),prostate (4 cases),NS (3 cases),central_nervous_system (3 cases),biliary_tract (3 cases),bone (2 cases),autonomic_ganglia (2 cases),thyroid (2 cases),ovary (1 cases),cervix (1 cases)","-"," Furin-like repeats (611-634); Transmembrane domain of ErbB4, a Protein Tyrosine Kinase (642-685)"]
["CGST113","CGST113P","Baseline","CDH1","V425I","cadherin 1, type 1, E-cadherin (epithelial)","CCDS10869.1",16,68847351,68847351,"G","A","Substitution","Nonsynonymous coding",{"v":0.004336,"d":"0.43%"},1845,8,"No","-","-","breast (2 cases),oesophagus (2 cases),stomach (2 cases),skin (1 cases),bone (1 cases),large_intestine (1 cases),soft_tissue (1 cases)","breast (198 cases),stomach (108 cases),large_intestine (104 cases),endometrium (20 cases),lung (16 cases),skin (15 cases),urinary_tract (12 cases),oesophagus (9 cases),haematopoietic_and_lymphoid_tissue (8 cases),upper_aerodigestive_tract (6 cases),central_nervous_system (6 cases),NS (5 cases),kidney (5 cases),prostate (5 cases),biliary_tract (5 cases),soft_tissue (4 cases),liver (4 cases),ovary (3 cases),bone (2 cases),pancreas (2 cases),thyroid (1 cases)","-","-"]
["CGST113","CGST113P","Baseline","KIT","S241Y","v-kit Hardy-Zuckerman 4 feline sarcoma viral oncogene homolog","CCDS3496.1",4,55565898,55565898,"C","A","Substitution","Nonsynonymous coding",{"v":0.009231,"d":"0.92%"},1625,15,"No","-","-","urinary_tract (2 cases),soft_tissue (2 cases),skin (1 cases),large_intestine (1 cases)","haematopoietic_and_lymphoid_tissue (1127 cases),soft_tissue (980 cases),skin (203 cases),large_intestine (165 cases),testis (50 cases),genital_tract (41 cases),lung (36 cases),ovary (25 cases),breast (25 cases),endometrium (21 cases),liver (19 cases),stomach (16 cases),thymus (14 cases),central_nervous_system (14 cases),eye (10 cases),salivary_gland (9 cases),pancreas (8 cases),oesophagus (7 cases),NS (6 cases),urinary_tract (6 cases),kidney (5 cases),bone (4 cases),prostate (4 cases),upper_aerodigestive_tract (3 cases),autonomic_ganglia (1 cases),biliary_tract (1 cases)"," Immunoglobulin domain (230-304)","-"]
["CGST122","CGST122P","Baseline","MYC","R98W","v-myc avian myelocytomatosis viral oncogene homolog","CCDS6359.2",8,128750755,128750755,"C","T","Substitution","Nonsynonymous coding",{"v":0.001997,"d":"0.20%"},3506,7,"No","-","-","haematopoietic_and_lymphoid_tissue (2 cases),large_intestine (1 cases)","haematopoietic_and_lymphoid_tissue (45 cases),large_intestine (20 cases),skin (10 cases),lung (9 cases),stomach (8 cases),endometrium (8 cases),urinary_tract (4 cases),liver (4 cases),ovary (3 cases),kidney (2 cases),pancreas (2 cases),upper_aerodigestive_tract (2 cases),biliary_tract (2 cases),bone (1 cases),breast (1 cases),oesophagus (1 cases),autonomic_ganglia (1 cases),prostate (1 cases),thyroid (1 cases)"," Myc amino-terminal region (16-360)","-"]
["CGST133","CGST133P","Baseline","KRAS","G12V","Kirsten rat sarcoma viral oncogene homolog","NM_033360",12,25398284,25398284,"C","A","Substitution","Nonsynonymous coding",{"v":0.00443,"d":"0.44%"},1806,8,"Yes","large_intestine (4114 cases),pancreas (1468 cases),lung (960 cases),ovary (244 cases),biliary_tract (112 cases),endometrium (97 cases),haematopoietic_and_lymphoid_tissue (45 cases),prostate (39 cases),stomach (33 cases),skin (25 cases),small_intestine (24 cases),peritoneum (18 cases),urinary_tract (16 cases),thyroid (14 cases),gastrointestinal_tract_(site_indeterminate) (10 cases),breast (9 cases),cervix (8 cases),testis (6 cases),liver (5 cases),soft_tissue (4 cases),oesophagus (4 cases),genital_tract (3 cases),upper_aerodigestive_tract (3 cases),pleura (2 cases),kidney (2 cases),thymus (2 cases),vulva (1 cases),autonomic_ganglia (1 cases),eye (1 cases),central_nervous_system (1 cases)","G12R/GG12DG/GG12EG/GG12GC/GG12GR/GG12CG/G12C/G12N/GG12WG/G12G/G12A/G12S/G12Y/GG12VG/G12D/G12F/G12I/G12L large_intestine (10038 cases),lung (3216 cases),pancreas (3144 cases),biliary_tract (476 cases),ovary (357 cases),endometrium (269 cases),haematopoietic_and_lymphoid_tissue (231 cases),stomach (151 cases),small_intestine (92 cases),thyroid (75 cases),peritoneum (61 cases),urinary_tract (46 cases),upper_aerodigestive_tract (43 cases),skin (40 cases),cervix (39 cases),soft_tissue (38 cases),prostate (35 cases),breast (34 cases),gastrointestinal_tract_(site_indeterminate) (28 cases),liver (23 cases),oesophagus (16 cases),central_nervous_system (13 cases),testis (10 cases),bone (9 cases),kidney (4 cases),genital_tract (3 cases),eye (3 cases),salivary_gland (1 cases),penis (1 cases),adrenal_gland (1 cases),thymus (1 cases)","large_intestine (3499 cases),lung (287 cases),haematopoietic_and_lymphoid_tissue (138 cases),stomach (72 cases),endometrium (61 cases),ovary (47 cases),pancreas (47 cases),soft_tissue (41 cases),biliary_tract (32 cases),thyroid (24 cases),small_intestine (21 cases),gastrointestinal_tract_(site_indeterminate) (17 cases),prostate (16 cases),breast (13 cases),peritoneum (9 cases),upper_aerodigestive_tract (8 cases),liver (7 cases),urinary_tract (6 cases),oesophagus (6 cases),cervix (5 cases),salivary_gland (4 cases),pleura (3 cases),skin (3 cases),bone (2 cases),genital_tract (1 cases),thymus (1 cases),central_nervous_system (1 cases)","large_intestine (18048 cases),pancreas (4720 cases),lung (4542 cases),ovary (649 cases),biliary_tract (626 cases),haematopoietic_and_lymphoid_tissue (488 cases),endometrium (442 cases),stomach (276 cases),small_intestine (142 cases),thyroid (137 cases),prostate (93 cases),peritoneum (91 cases),soft_tissue (87 cases),skin (79 cases),urinary_tract (72 cases),upper_aerodigestive_tract (64 cases),breast (61 cases),cervix (57 cases),gastrointestinal_tract_(site_indeterminate) (55 cases),liver (44 cases),oesophagus (29 cases),central_nervous_system (25 cases),testis (16 cases),genital_tract (14 cases),bone (11 cases),salivary_gland (10 cases),kidney (9 cases),pleura (5 cases),thymus (4 cases),eye (4 cases),penis (1 cases),adrenal_gland (1 cases),vulva (1 cases),autonomic_ganglia (1 cases)"," Ras GTPase family containing H-Ras,N-Ras and K-Ras4A/4B (3-164); Ras-like protein (1-189)","-"]
["CGST133","CGST133P","Baseline","SMAD4","R361C","SMAD family member 4","CCDS11950.1",18,48591918,48591918,"C","T","Substitution","Nonsynonymous coding",{"v":2.898E-3,"d":"0.29%"},2761,8,"Yes","large_intestine (13 cases),pancreas (5 cases),small_intestine (5 cases),oesophagus (2 cases),stomach (2 cases),biliary_tract (1 cases)","R361G/R361P/R361S/R361H large_intestine (26 cases),pancreas (7 cases),stomach (3 cases),lung (2 cases),oesophagus (2 cases),small_intestine (2 cases),breast (1 cases),upper_aerodigestive_tract (1 cases),peritoneum (1 cases)","large_intestine (19 cases),pancreas (6 cases),stomach (3 cases),lung (2 cases),liver (2 cases),peritoneum (1 cases),oesophagus (1 cases),small_intestine (1 cases)","large_intestine (375 cases),pancreas (194 cases),stomach (33 cases),lung (32 cases),oesophagus (21 cases),biliary_tract (20 cases),upper_aerodigestive_tract (14 cases),small_intestine (14 cases),thyroid (12 cases),breast (10 cases),ovary (9 cases),liver (9 cases),central_nervous_system (9 cases),endometrium (8 cases),kidney (4 cases),urinary_tract (4 cases),peritoneum (4 cases),skin (4 cases),prostate (4 cases),haematopoietic_and_lymphoid_tissue (2 cases),gastrointestinal_tract_(site_indeterminate) (2 cases),testis (2 cases),autonomic_ganglia (1 cases)"," C-terminal Mad Homology 2 (MH2) domain in SMAD4 (320-541)","-"]
["CGST134","CGST134P","Baseline","MYC","S225L","v-myc avian myelocytomatosis viral oncogene homolog","CCDS6359.2",8,128751137,128751137,"C","T","Substitution","Nonsynonymous coding",{"v":0.001697,"d":"0.17%"},3536,6,"No","-","-","-","haematopoietic_and_lymphoid_tissue (45 cases),large_intestine (20 cases),skin (10 cases),lung (9 cases),stomach (8 cases),endometrium (8 cases),urinary_tract (4 cases),liver (4 cases),ovary (3 cases),kidney (2 cases),pancreas (2 cases),upper_aerodigestive_tract (2 cases),biliary_tract (2 cases),bone (1 cases),breast (1 cases),oesophagus (1 cases),autonomic_ganglia (1 cases),prostate (1 cases),thyroid (1 cases)"," Myc amino-terminal region (16-360)","-"]
["CGST141","CGST141P","Baseline","ERBB2","L785delinsHHVCF","v-erb-b2 avian erythroblastic leukemia viral oncogene homolog 2","CCDS32642.1",17,37881025,37881025,"NULL","ATCACGTATGCT","Insertion","In-frame insertion",{"v":6.1187028349989807E-4,"d":"0.06%"},4903,3,"No","-","-","lung (5 cases),large_intestine (2 cases),upper_aerodigestive_tract (1 cases),breast (1 cases),NS (1 cases),prostate (1 cases),small_intestine (1 cases)","lung (104 cases),large_intestine (78 cases),breast (42 cases),stomach (39 cases),urinary_tract (36 cases),skin (30 cases),ovary (17 cases),pancreas (15 cases),haematopoietic_and_lymphoid_tissue (12 cases),upper_aerodigestive_tract (12 cases),endometrium (11 cases),kidney (10 cases),oesophagus (8 cases),biliary_tract (8 cases),central_nervous_system (7 cases),small_intestine (7 cases),liver (6 cases),prostate (6 cases),bone (1 cases),NS (1 cases),soft_tissue (1 cases),thyroid (1 cases)"," Catalytic domain of the Protein Tyrosine Kinase, HER2 (712-990); Protein tyrosine kinase (720-976)","-"]
["CGST142","CGST142P","Baseline","PTEN","F241L","phosphatase and tensin homolog","CCDS31238.1",10,89717698,89717698,"T","A","Substitution","Nonsynonymous coding",{"v":0.001824,"d":"0.18%"},3290,6,"No","-","F241S/F241L large_intestine (4 cases),central_nervous_system (1 cases),endometrium (1 cases)","haematopoietic_and_lymphoid_tissue (30 cases),endometrium (25 cases),central_nervous_system (14 cases),large_intestine (8 cases),lung (7 cases),skin (3 cases),urinary_tract (3 cases),upper_aerodigestive_tract (2 cases),breast (1 cases),NS (1 cases),stomach (1 cases),prostate (1 cases),kidney (1 cases),pancreas (1 cases)","endometrium (845 cases),central_nervous_system (560 cases),large_intestine (337 cases),haematopoietic_and_lymphoid_tissue (131 cases),skin (101 cases),breast (99 cases),lung (75 cases),prostate (59 cases),kidney (45 cases),ovary (44 cases),stomach (42 cases),thyroid (28 cases),liver (24 cases),upper_aerodigestive_tract (18 cases),cervix (13 cases),oesophagus (12 cases),soft_tissue (11 cases),urinary_tract (11 cases),vulva (9 cases),pancreas (9 cases),NS (8 cases),biliary_tract (5 cases),eye (4 cases),salivary_gland (3 cases),bone (2 cases),genital_tract (2 cases),meninges (2 cases),autonomic_ganglia (1 cases)"," C2 domain of PTEN tumour-suppressor protein (188-349)","-"]
["CGST158","CGST158P","Baseline","EGFR","D942N","epidermal growth factor receptor","CCDS5514.1",7,55266532,55266532,"G","A","Substitution","Nonsynonymous coding",{"v":1.511E-3,"d":"0.15%"},3972,6,"No","-","-","skin (1 cases),large_intestine (1 cases),stomach (1 cases)","lung (5182 cases),central_nervous_system (204 cases),large_intestine (151 cases),upper_aerodigestive_tract (60 cases),skin (44 cases),ovary (35 cases),breast (35 cases),stomach (30 cases),haematopoietic_and_lymphoid_tissue (30 cases),prostate (28 cases),oesophagus (23 cases),biliary_tract (14 cases),endometrium (14 cases),kidney (12 cases),urinary_tract (12 cases),thyroid (12 cases),salivary_gland (11 cases),peritoneum (11 cases),liver (6 cases),adrenal_gland (6 cases),bone (5 cases),pancreas (4 cases),pleura (3 cases),soft_tissue (3 cases),thymus (2 cases),autonomic_ganglia (1 cases),eye (1 cases),small_intestine (1 cases)"," Catalytic domain of the Protein Tyrosine Kinase, Epidermal Growth Factor Receptor (704-1019); Tyrosine kinase, catalytic domain (713-968)","-"]
["CGST158","CGST158P","Baseline","ERBB4","R114*","v-erb-b2 avian erythroblastic leukemia viral oncogene homolog 4","CCDS2394.1",2,212812236,212812236,"G","A","Substitution","Nonsense",{"v":0.001587,"d":"0.16%"},4412,7,"No","skin (1 cases)","-","skin (3 cases),large_intestine (2 cases),lung (1 cases)","large_intestine (126 cases),skin (120 cases),lung (99 cases),stomach (48 cases),liver (28 cases),breast (23 cases),oesophagus (22 cases),endometrium (22 cases),upper_aerodigestive_tract (20 cases),kidney (17 cases),pancreas (13 cases),urinary_tract (10 cases),haematopoietic_and_lymphoid_tissue (9 cases),prostate (4 cases),NS (3 cases),central_nervous_system (3 cases),biliary_tract (3 cases),bone (2 cases),autonomic_ganglia (2 cases),thyroid (2 cases),ovary (1 cases),cervix (1 cases)"," Receptor L domain (55-167)","-"]
["CGST24","CGST24P","Baseline","KIT","L939V","v-kit Hardy-Zuckerman 4 feline sarcoma viral oncogene homolog","CCDS3496.1",4,55604607,55604607,"T","G","Substitution","Nonsynonymous coding",{"v":0.002228,"d":"0.22%"},2244,5,"No","stomach (1 cases)","-","-","haematopoietic_and_lymphoid_tissue (1127 cases),soft_tissue (980 cases),skin (203 cases),large_intestine (165 cases),testis (50 cases),genital_tract (41 cases),lung (36 cases),ovary (25 cases),breast (25 cases),endometrium (21 cases),liver (19 cases),stomach (16 cases),thymus (14 cases),central_nervous_system (14 cases),eye (10 cases),salivary_gland (9 cases),pancreas (8 cases),oesophagus (7 cases),NS (6 cases),urinary_tract (6 cases),kidney (5 cases),bone (4 cases),prostate (4 cases),upper_aerodigestive_tract (3 cases),autonomic_ganglia (1 cases),biliary_tract (1 cases)","-"," Catalytic domain of the Protein Tyrosine Kinase, Kit (553-928); Protein tyrosine kinase (771-924)"]
["CGST26","CGST26P","Baseline","CDK4","L125Q","cyclin-dependent kinase 4","CCDS8953.1",12,58144854,58144854,"A","T","Substitution","Nonsynonymous coding",{"v":0.003224,"d":"0.32%"},1551,5,"No","-","L125V urinary_tract (1 cases)","liver (1 cases),large_intestine (1 cases)","large_intestine (13 cases),skin (8 cases),endometrium (6 cases),haematopoietic_and_lymphoid_tissue (4 cases),breast (3 cases),kidney (3 cases),prostate (2 cases),lung (2 cases),urinary_tract (2 cases),biliary_tract (2 cases),ovary (1 cases),NS (1 cases),pancreas (1 cases),liver (1 cases),oesophagus (1 cases),central_nervous_system (1 cases)"," Catalytic domain of the Serine/Threonine Kinase, Cyclin-Dependent protein Kinase 4 (5-295); Serine/Threonine protein kinases, catalytic domain (6-295)","-"]
["CGST28","CGST28P","Baseline","JAK2","L611S","Janus kinase 2","CCDS6457.1",9,5073753,5073753,"T","C","Substitution","Nonsynonymous coding",{"v":0.117746,"d":"11.77%"},1775,209,"No","haematopoietic_and_lymphoid_tissue (2 cases)","L611V haematopoietic_and_lymphoid_tissue (3 cases)","haematopoietic_and_lymphoid_tissue (8 cases),breast (1 cases),lung (1 cases)","haematopoietic_and_lymphoid_tissue (35385 cases),large_intestine (84 cases),lung (39 cases),skin (16 cases),stomach (15 cases),endometrium (15 cases),breast (12 cases),kidney (12 cases),liver (10 cases),ovary (7 cases),prostate (7 cases),oesophagus (6 cases),upper_aerodigestive_tract (5 cases),central_nervous_system (3 cases),bone (2 cases),urinary_tract (2 cases),thyroid (2 cases),meninges (1 cases)"," Pseudokinase (repeat 1) domain of the Protein Tyrosine Kinases, Janus kinases 2 and 3 (549-806)","-"]
["CGST28","CGST28P","Baseline","PIK3R1","R577_L581del","phosphoinositide-3-kinase, regulatory subunit 1 (alpha)","CCDS3993.1",5,67591135,67591149,"GAGAGACCAATACTT","NULL","Deletion","In-frame deletion",{"v":0.016239,"d":"1.62%"},1170,19,"No","endometrium (1 cases)","-","endometrium (27 cases),breast (13 cases),large_intestine (11 cases),central_nervous_system (9 cases),ovary (2 cases),stomach (2 cases),skin (1 cases),haematopoietic_and_lymphoid_tissue (1 cases),urinary_tract (1 cases),meninges (1 cases),upper_aerodigestive_tract (1 cases),oesophagus (1 cases)","endometrium (108 cases),large_intestine (105 cases),central_nervous_system (50 cases),breast (43 cases),skin (17 cases),lung (16 cases),haematopoietic_and_lymphoid_tissue (15 cases),stomach (8 cases),oesophagus (8 cases),liver (7 cases),upper_aerodigestive_tract (7 cases),ovary (6 cases),kidney (5 cases),urinary_tract (4 cases),pancreas (2 cases),prostate (2 cases),bone (1 cases),thyroid (1 cases),meninges (1 cases),cervix (1 cases)","-","-"]
["CGST30","CGST30P","Baseline","AR","L341Q","androgen receptor","CCDS14387.1","X",66766010,66766010,"T","A","Substitution","Nonsynonymous coding",{"v":0.003873,"d":"0.39%"},1291,5,"No","-","-","skin (1 cases)","large_intestine (75 cases),lung (33 cases),stomach (30 cases),skin (26 cases),upper_aerodigestive_tract (25 cases),endometrium (14 cases),breast (12 cases),oesophagus (11 cases),liver (10 cases),prostate (10 cases),ovary (8 cases),central_nervous_system (5 cases),kidney (4 cases),urinary_tract (3 cases),pancreas (3 cases),biliary_tract (3 cases),bone (2 cases),pleura (1 cases),haematopoietic_and_lymphoid_tissue (1 cases),peritoneum (1 cases),autonomic_ganglia (1 cases),adrenal_gland (1 cases),cervix (1 cases)"," Androgen receptor (6-449)","-"]
["CGST30","CGST30P","Baseline","CDH1","I326F","cadherin 1, type 1, E-cadherin (epithelial)","CCDS10869.1",16,68845730,68845730,"A","T","Substitution","Nonsynonymous coding",{"v":0.002851,"d":"0.29%"},1754,5,"No","-","-","breast (1 cases),central_nervous_system (1 cases)","breast (198 cases),stomach (108 cases),large_intestine (104 cases),endometrium (20 cases),lung (16 cases),skin (15 cases),urinary_tract (12 cases),oesophagus (9 cases),haematopoietic_and_lymphoid_tissue (8 cases),upper_aerodigestive_tract (6 cases),central_nervous_system (6 cases),NS (5 cases),kidney (5 cases),prostate (5 cases),biliary_tract (5 cases),soft_tissue (4 cases),liver (4 cases),ovary (3 cases),bone (2 cases),pancreas (2 cases),thyroid (1 cases)","-","-"]
["CGST30","CGST30P","Baseline","MYC","H256L","v-myc avian myelocytomatosis viral oncogene homolog","CCDS6359.2",8,128751230,128751230,"A","T","Substitution","Nonsynonymous coding",{"v":0.004225,"d":"0.42%"},1420,6,"No","-","-","haematopoietic_and_lymphoid_tissue (1 cases)","haematopoietic_and_lymphoid_tissue (45 cases),large_intestine (20 cases),skin (10 cases),lung (9 cases),stomach (8 cases),endometrium (8 cases),urinary_tract (4 cases),liver (4 cases),ovary (3 cases),kidney (2 cases),pancreas (2 cases),upper_aerodigestive_tract (2 cases),biliary_tract (2 cases),bone (1 cases),breast (1 cases),oesophagus (1 cases),autonomic_ganglia (1 cases),prostate (1 cases),thyroid (1 cases)"," Myc amino-terminal region (16-360)","-"]
["CGST30","CGST30P","Baseline","STK11","K64*","serine/threonine kinase 11","CCDS45896.1",19,1207102,1207102,"A","T","Substitution","Nonsense",{"v":0.003903,"d":"0.39%"},1281,5,"No","-","-","cervix (12 cases),lung (11 cases),large_intestine (7 cases),pancreas (1 cases),breast (1 cases),kidney (1 cases)","lung (198 cases),large_intestine (54 cases),cervix (26 cases),skin (25 cases),stomach (13 cases),pancreas (10 cases),kidney (6 cases),breast (5 cases),haematopoietic_and_lymphoid_tissue (5 cases),gastrointestinal_tract_(site_indeterminate) (5 cases),liver (3 cases),biliary_tract (3 cases),ovary (2 cases),upper_aerodigestive_tract (2 cases),central_nervous_system (2 cases),small_intestine (2 cases),endometrium (2 cases),bone (1 cases),soft_tissue (1 cases),oesophagus (1 cases),prostate (1 cases),testis (1 cases)"," Catalytic domain of Protein Kinases (55-306); Serine/Threonine protein kinases, catalytic domain (49-309)","-"]
["CGST32","CGST32P","Baseline","ALK","L347Q","anaplastic lymphoma receptor tyrosine kinase","CCDS33172.1",2,29754895,29754895,"A","T","Substitution","Nonsynonymous coding",{"v":0.002607,"d":"0.26%"},1918,5,"No","-","-","stomach (2 cases),ovary (1 cases),lung (1 cases)","autonomic_ganglia (206 cases),large_intestine (115 cases),lung (79 cases),skin (75 cases),stomach (23 cases),endometrium (19 cases),breast (18 cases),haematopoietic_and_lymphoid_tissue (18 cases),oesophagus (17 cases),ovary (12 cases),liver (12 cases),upper_aerodigestive_tract (9 cases),kidney (8 cases),urinary_tract (6 cases),soft_tissue (6 cases),central_nervous_system (6 cases),pancreas (5 cases),prostate (5 cases),NS (4 cases),thyroid (4 cases),adrenal_gland (3 cases),pleura (1 cases),bone (1 cases),thymus (1 cases),biliary_tract (1 cases)","-","-"]
["CGST32","CGST32P","Baseline","ALK","N1497I","anaplastic lymphoma receptor tyrosine kinase","CCDS33172.1",2,29416463,29416463,"T","A","Substitution","Nonsynonymous coding",{"v":0.002102,"d":"0.21%"},2855,6,"No","-","-","skin (2 cases)","autonomic_ganglia (206 cases),large_intestine (115 cases),lung (79 cases),skin (75 cases),stomach (23 cases),endometrium (19 cases),breast (18 cases),haematopoietic_and_lymphoid_tissue (18 cases),oesophagus (17 cases),ovary (12 cases),liver (12 cases),upper_aerodigestive_tract (9 cases),kidney (8 cases),urinary_tract (6 cases),soft_tissue (6 cases),central_nervous_system (6 cases),pancreas (5 cases),prostate (5 cases),NS (4 cases),thyroid (4 cases),adrenal_gland (3 cases),pleura (1 cases),bone (1 cases),thymus (1 cases),biliary_tract (1 cases)","-","-"]
["CGST32","CGST32P","Baseline","ALK","E172V","anaplastic lymphoma receptor tyrosine kinase","CCDS33172.1",2,30143011,30143011,"T","A","Substitution","Nonsynonymous coding",{"v":0.002138,"d":"0.21%"},2807,6,"No","-","-","-","autonomic_ganglia (206 cases),large_intestine (115 cases),lung (79 cases),skin (75 cases),stomach (23 cases),endometrium (19 cases),breast (18 cases),haematopoietic_and_lymphoid_tissue (18 cases),oesophagus (17 cases),ovary (12 cases),liver (12 cases),upper_aerodigestive_tract (9 cases),kidney (8 cases),urinary_tract (6 cases),soft_tissue (6 cases),central_nervous_system (6 cases),pancreas (5 cases),prostate (5 cases),NS (4 cases),thyroid (4 cases),adrenal_gland (3 cases),pleura (1 cases),bone (1 cases),thymus (1 cases),biliary_tract (1 cases)","-","-"]
["CGST32","CGST32P","Baseline","BRAF","G469A","v-raf murine sarcoma viral oncogene homolog B","CCDS5863.1",7,140481402,140481402,"C","G","Substitution","Nonsynonymous coding",{"v":0.006544,"d":"0.65%"},2445,16,"Yes","lung (10 cases),haematopoietic_and_lymphoid_tissue (7 cases),large_intestine (6 cases),skin (4 cases),prostate (2 cases),urinary_tract (2 cases),small_intestine (2 cases),eye (1 cases)","G469G/G469R/GT469ST/G469E/G469S/G469L/G469V skin (16 cases),lung (13 cases),large_intestine (8 cases),upper_aerodigestive_tract (4 cases),NS (3 cases),biliary_tract (2 cases),haematopoietic_and_lymphoid_tissue (1 cases),cervix (1 cases),thyroid (1 cases),oesophagus (1 cases)","large_intestine (24 cases),skin (20 cases),lung (16 cases),breast (8 cases),endometrium (5 cases),ovary (4 cases),pancreas (2 cases),biliary_tract (2 cases),pleura (1 cases),NS (1 cases),haematopoietic_and_lymphoid_tissue (1 cases),cervix (1 cases),upper_aerodigestive_tract (1 cases),small_intestine (1 cases),adrenal_gland (1 cases)","thyroid (12133 cases),skin (5148 cases),large_intestine (4462 cases),NS (860 cases),haematopoietic_and_lymphoid_tissue (515 cases),central_nervous_system (322 cases),ovary (261 cases),lung (170 cases),eye (67 cases),pituitary (57 cases),endometrium (37 cases),soft_tissue (36 cases),biliary_tract (33 cases),stomach (29 cases),breast (27 cases),prostate (27 cases),liver (24 cases),upper_aerodigestive_tract (22 cases),urinary_tract (21 cases),pancreas (18 cases),small_intestine (16 cases),bone (15 cases),testis (8 cases),cervix (6 cases),kidney (6 cases),oesophagus (5 cases),genital_tract (4 cases),adrenal_gland (4 cases),salivary_gland (2 cases),meninges (2 cases),autonomic_ganglia (2 cases),pleura (1 cases)"," Protein Kinases, catalytic domain (463-715); Protein kinase domain (457-713)","-"]
["CGST32","CGST32P","Baseline","KRAS","G13R","Kirsten rat sarcoma viral oncogene homolog","NM_033360",12,25398282,25398282,"C","G","Substitution","Nonsynonymous coding",{"v":0.002404,"d":"0.24%"},2080,5,"Yes","large_intestine (35 cases),lung (4 cases),pancreas (4 cases),biliary_tract (4 cases),thyroid (2 cases),ovary (1 cases),urinary_tract (1 cases),peritoneum (1 cases)","G13V/G13I/G13C/GV13RV/G13G/GV13DI/GV13VV/GV13EV/GV13DV/G13N/G13S/G13A/G13D large_intestine (3528 cases),lung (284 cases),haematopoietic_and_lymphoid_tissue (129 cases),stomach (71 cases),endometrium (62 cases),ovary (47 cases),pancreas (44 cases),soft_tissue (42 cases),thyroid (38 cases),biliary_tract (35 cases),prostate (26 cases),small_intestine (20 cases),gastrointestinal_tract_(site_indeterminate) (17 cases),breast (13 cases),peritoneum (10 cases),upper_aerodigestive_tract (10 cases),oesophagus (6 cases),urinary_tract (5 cases),liver (5 cases),cervix (5 cases),salivary_gland (3 cases),pleura (3 cases),skin (3 cases),bone (2 cases),genital_tract (1 cases),thymus (1 cases),central_nervous_system (1 cases)","large_intestine (14088 cases),pancreas (4611 cases),lung (4177 cases),ovary (599 cases),biliary_tract (581 cases),endometrium (365 cases),haematopoietic_and_lymphoid_tissue (289 cases),stomach (185 cases),small_intestine (117 cases),peritoneum (77 cases),thyroid (73 cases),skin (65 cases),prostate (64 cases),urinary_tract (62 cases),cervix (47 cases),upper_aerodigestive_tract (45 cases),breast (43 cases),soft_tissue (41 cases),gastrointestinal_tract_(site_indeterminate) (38 cases),liver (30 cases),oesophagus (20 cases),testis (16 cases),central_nervous_system (14 cases),bone (9 cases),genital_tract (6 cases),kidney (6 cases),eye (4 cases),thymus (3 cases),salivary_gland (2 cases),pleura (2 cases),penis (1 cases),adrenal_gland (1 cases),vulva (1 cases),autonomic_ganglia (1 cases)","large_intestine (18048 cases),pancreas (4720 cases),lung (4542 cases),ovary (649 cases),biliary_tract (626 cases),haematopoietic_and_lymphoid_tissue (488 cases),endometrium (442 cases),stomach (276 cases),small_intestine (142 cases),thyroid (137 cases),prostate (93 cases),peritoneum (91 cases),soft_tissue (87 cases),skin (79 cases),urinary_tract (72 cases),upper_aerodigestive_tract (64 cases),breast (61 cases),cervix (57 cases),gastrointestinal_tract_(site_indeterminate) (55 cases),liver (44 cases),oesophagus (29 cases),central_nervous_system (25 cases),testis (16 cases),genital_tract (14 cases),bone (11 cases),salivary_gland (10 cases),kidney (9 cases),pleura (5 cases),thymus (4 cases),eye (4 cases),penis (1 cases),adrenal_gland (1 cases),vulva (1 cases),autonomic_ganglia (1 cases)"," Ras GTPase family containing H-Ras,N-Ras and K-Ras4A/4B (3-164); Ras-like protein (1-189)","-"]
["CGST32","CGST32P","Baseline","TP53","R248W","tumor protein p53","CCDS11118.1",17,7577539,7577539,"G","A","Substitution","Nonsynonymous coding",{"v":0.029935,"d":"2.99%"},2138,64,"Yes","large_intestine (151 cases),breast (60 cases),oesophagus (47 cases),central_nervous_system (38 cases),haematopoietic_and_lymphoid_tissue (32 cases),stomach (32 cases),ovary (31 cases),skin (31 cases),upper_aerodigestive_tract (25 cases),urinary_tract (21 cases),lung (20 cases),endometrium (20 cases),pancreas (13 cases),biliary_tract (9 cases),vulva (4 cases),soft_tissue (4 cases),liver (4 cases),prostate (4 cases),thyroid (4 cases),kidney (3 cases),pleura (1 cases),bone (1 cases),penis (1 cases),cervix (1 cases)","RR248CR/R248Q/R248P/R248G/RR248QR/R248L/R248R/RR248LR large_intestine (163 cases),lung (98 cases),breast (79 cases),haematopoietic_and_lymphoid_tissue (73 cases),upper_aerodigestive_tract (63 cases),central_nervous_system (53 cases),stomach (46 cases),urinary_tract (44 cases),oesophagus (44 cases),ovary (40 cases),skin (22 cases),pancreas (19 cases),endometrium (13 cases),liver (12 cases),vulva (8 cases),prostate (8 cases),small_intestine (8 cases),thyroid (5 cases),bone (4 cases),biliary_tract (4 cases),kidney (3 cases),cervix (3 cases),pleura (1 cases),NS (1 cases),soft_tissue (1 cases),peritoneum (1 cases),pituitary (1 cases),adrenal_gland (1 cases),thymus (1 cases)","liver (299 cases),large_intestine (255 cases),lung (206 cases),breast (134 cases),upper_aerodigestive_tract (131 cases),oesophagus (112 cases),stomach (99 cases),haematopoietic_and_lymphoid_tissue (95 cases),ovary (91 cases),central_nervous_system (63 cases),skin (54 cases),urinary_tract (51 cases),pancreas (31 cases),prostate (20 cases),endometrium (15 cases),soft_tissue (12 cases),kidney (10 cases),vulva (9 cases),biliary_tract (9 cases),small_intestine (7 cases),bone (6 cases),cervix (6 cases),adrenal_gland (4 cases),salivary_gland (3 cases),thyroid (3 cases),peritoneum (2 cases),pleura (1 cases),penis (1 cases),NS (1 cases),genital_tract (1 cases),eye (1 cases)","large_intestine (2857 cases),lung (1950 cases),breast (1840 cases),upper_aerodigestive_tract (1518 cases),oesophagus (1478 cases),ovary (1326 cases),central_nervous_system (1152 cases),haematopoietic_and_lymphoid_tissue (1148 cases),stomach (938 cases),liver (933 cases),urinary_tract (926 cases),pancreas (594 cases),skin (585 cases),prostate (222 cases),endometrium (215 cases),biliary_tract (207 cases),soft_tissue (177 cases),vulva (110 cases),bone (103 cases),kidney (98 cases),adrenal_gland (63 cases),thyroid (62 cases),cervix (59 cases),small_intestine (43 cases),salivary_gland (38 cases),peritoneum (23 cases),eye (22 cases),pleura (18 cases),thymus (16 cases),genital_tract (15 cases),NS (13 cases),penis (9 cases),testis (6 cases),autonomic_ganglia (5 cases),meninges (3 cases),fallopian_tube (2 cases),pituitary (2 cases),placenta (1 cases),gastrointestinal_tract_(site_indeterminate) (1 cases),vagina (1 cases)"," P53 DNA-binding domain (109-288)","-"]
["CGST33","CGST33P","Baseline","ERBB2","R756Cfs*2","v-erb-b2 avian erythroblastic leukemia viral oncogene homolog 2","CCDS32642.1",17,37880216,37880216,"NULL","GTGTT","Insertion","Frameshift",{"v":0.006435,"d":"0.64%"},2331,15,"No","-","-","breast (16 cases),small_intestine (6 cases),stomach (5 cases),large_intestine (3 cases),lung (3 cases),endometrium (2 cases),skin (1 cases),kidney (1 cases)","lung (104 cases),large_intestine (78 cases),breast (42 cases),stomach (39 cases),urinary_tract (36 cases),skin (30 cases),ovary (17 cases),pancreas (15 cases),haematopoietic_and_lymphoid_tissue (12 cases),upper_aerodigestive_tract (12 cases),endometrium (11 cases),kidney (10 cases),oesophagus (8 cases),biliary_tract (8 cases),central_nervous_system (7 cases),small_intestine (7 cases),liver (6 cases),prostate (6 cases),bone (1 cases),NS (1 cases),soft_tissue (1 cases),thyroid (1 cases)","-","-"]
["CGST33","CGST33P","Baseline","TP53","Q192*","tumor protein p53","CCDS11118.1",17,7578275,7578275,"G","A","Substitution","Nonsense",{"v":0.023212,"d":"2.32%"},2628,61,"Yes","breast (16 cases),ovary (12 cases),lung (10 cases),urinary_tract (8 cases),oesophagus (8 cases),stomach (5 cases),liver (5 cases),upper_aerodigestive_tract (5 cases),haematopoietic_and_lymphoid_tissue (4 cases),skin (4 cases),large_intestine (4 cases),biliary_tract (2 cases),kidney (1 cases),pancreas (1 cases),cervix (1 cases),thyroid (1 cases),eye (1 cases),endometrium (1 cases)","-","large_intestine (143 cases),breast (115 cases),ovary (93 cases),lung (86 cases),haematopoietic_and_lymphoid_tissue (83 cases),oesophagus (83 cases),upper_aerodigestive_tract (71 cases),central_nervous_system (57 cases),stomach (44 cases),skin (41 cases),liver (35 cases),pancreas (34 cases),urinary_tract (29 cases),biliary_tract (12 cases),endometrium (8 cases),vulva (7 cases),soft_tissue (6 cases),kidney (6 cases),prostate (6 cases),bone (2 cases),adrenal_gland (2 cases),salivary_gland (1 cases),gastrointestinal_tract_(site_indeterminate) (1 cases),thyroid (1 cases),eye (1 cases),thymus (1 cases),small_intestine (1 cases)","large_intestine (2857 cases),lung (1950 cases),breast (1840 cases),upper_aerodigestive_tract (1518 cases),oesophagus (1478 cases),ovary (1326 cases),central_nervous_system (1152 cases),haematopoietic_and_lymphoid_tissue (1148 cases),stomach (938 cases),liver (933 cases),urinary_tract (926 cases),pancreas (594 cases),skin (585 cases),prostate (222 cases),endometrium (215 cases),biliary_tract (207 cases),soft_tissue (177 cases),vulva (110 cases),bone (103 cases),kidney (98 cases),adrenal_gland (63 cases),thyroid (62 cases),cervix (59 cases),small_intestine (43 cases),salivary_gland (38 cases),peritoneum (23 cases),eye (22 cases),pleura (18 cases),thymus (16 cases),genital_tract (15 cases),NS (13 cases),penis (9 cases),testis (6 cases),autonomic_ganglia (5 cases),meninges (3 cases),fallopian_tube (2 cases),pituitary (2 cases),placenta (1 cases),gastrointestinal_tract_(site_indeterminate) (1 cases),vagina (1 cases)"," P53 DNA-binding domain (109-288)","-"]
["CGST45","CGST45P","Baseline","HRAS","G13V","Harvey rat sarcoma viral oncogene homolog","CCDS7698.1",11,534285,534285,"C","A","Substitution","Nonsynonymous coding",{"v":4.4923629829290209E-4,"d":"0.04%"},2226,1,"Yes","upper_aerodigestive_tract (7 cases),skin (5 cases),urinary_tract (4 cases),thymus (1 cases),lung (1 cases),thyroid (1 cases),soft_tissue (1 cases)","G13S/G13C/G13D/G13G/G13R skin (265 cases),upper_aerodigestive_tract (21 cases),thyroid (18 cases),urinary_tract (17 cases),soft_tissue (8 cases),salivary_gland (4 cases),lung (4 cases),vulva (3 cases),prostate (3 cases),adrenal_gland (2 cases),bone (1 cases),breast (1 cases),haematopoietic_and_lymphoid_tissue (1 cases),large_intestine (1 cases)","urinary_tract (127 cases),skin (78 cases),upper_aerodigestive_tract (73 cases),thyroid (65 cases),soft_tissue (26 cases),cervix (21 cases),salivary_gland (15 cases),stomach (14 cases),pituitary (9 cases),vulva (6 cases),breast (4 cases),large_intestine (4 cases),bone (3 cases),prostate (3 cases),lung (3 cases),penis (1 cases),haematopoietic_and_lymphoid_tissue (1 cases),oesophagus (1 cases)","skin (487 cases),urinary_tract (221 cases),thyroid (212 cases),upper_aerodigestive_tract (140 cases),soft_tissue (40 cases),salivary_gland (35 cases),prostate (35 cases),cervix (23 cases),lung (20 cases),large_intestine (15 cases),stomach (14 cases),haematopoietic_and_lymphoid_tissue (13 cases),vulva (10 cases),pituitary (10 cases),central_nervous_system (8 cases),breast (7 cases),bone (5 cases),testis (5 cases),adrenal_gland (4 cases),endometrium (4 cases),oesophagus (3 cases),penis (2 cases),kidney (2 cases),liver (2 cases),autonomic_ganglia (2 cases),biliary_tract (2 cases),ovary (1 cases),genital_tract (1 cases),thymus (1 cases)"," GTPase SAR1 and related small G proteins [General function prediction only] (1-147); Ras GTPase family containing H-Ras,N-Ras and K-Ras4A/4B (3-150)","-"]
["CGST47","CGST47P","Baseline","FBXW7","E664*","F-box and WD repeat domain containing 7, E3 ubiquitin protein ligase","CCDS3777.1",4,153244167,153244167,"C","A","Substitution","Nonsense",{"v":0.004467,"d":"0.45%"},2015,9,"No","-","-","large_intestine (4 cases),stomach (2 cases),oesophagus (1 cases),haematopoietic_and_lymphoid_tissue (1 cases)","large_intestine (336 cases),haematopoietic_and_lymphoid_tissue (179 cases),endometrium (62 cases),lung (45 cases),stomach (44 cases),breast (39 cases),skin (31 cases),upper_aerodigestive_tract (20 cases),urinary_tract (19 cases),oesophagus (16 cases),pancreas (13 cases),ovary (12 cases),central_nervous_system (11 cases),biliary_tract (11 cases),kidney (10 cases),small_intestine (5 cases),liver (4 cases),soft_tissue (3 cases),prostate (2 cases),salivary_gland (1 cases),bone (1 cases),NS (1 cases),cervix (1 cases),eye (1 cases)","-"," FOG: WD40 repeat [General function prediction only] (320-660); WD40 domain, found in a number of eukaryotic proteins that cover a wide variety of functions including adaptor/regulatory modules in signal transduction, pre-mRNA processing and cytoskeleton assembly (374-650)"]
["CGST47","CGST47P","Baseline","TP53","R175H","tumor protein p53","CCDS11118.1",17,7578406,7578406,"C","T","Substitution","Nonsynonymous coding",{"v":0.002795,"d":"0.28%"},1431,4,"Yes","large_intestine (336 cases),breast (97 cases),oesophagus (86 cases),central_nervous_system (77 cases),stomach (72 cases),ovary (66 cases),upper_aerodigestive_tract (59 cases),haematopoietic_and_lymphoid_tissue (36 cases),pancreas (31 cases),urinary_tract (28 cases),lung (18 cases),liver (13 cases),biliary_tract (13 cases),endometrium (9 cases),vulva (5 cases),bone (5 cases),skin (5 cases),kidney (4 cases),prostate (4 cases),cervix (4 cases),salivary_gland (2 cases),thyroid (2 cases),penis (1 cases),soft_tissue (1 cases),adrenal_gland (1 cases)","R175L/R175G/R175P/R175C/RC175RS/R175R/R175S large_intestine (20 cases),lung (13 cases),stomach (6 cases),upper_aerodigestive_tract (6 cases),haematopoietic_and_lymphoid_tissue (5 cases),liver (5 cases),central_nervous_system (5 cases),oesophagus (4 cases),breast (3 cases),urinary_tract (3 cases),salivary_gland (2 cases),vulva (1 cases),ovary (1 cases),bone (1 cases),pancreas (1 cases),genital_tract (1 cases),adrenal_gland (1 cases),cervix (1 cases),biliary_tract (1 cases)","large_intestine (142 cases),breast (117 cases),lung (116 cases),oesophagus (106 cases),upper_aerodigestive_tract (99 cases),haematopoietic_and_lymphoid_tissue (82 cases),central_nervous_system (76 cases),ovary (69 cases),stomach (66 cases),skin (54 cases),liver (45 cases),urinary_tract (36 cases),pancreas (30 cases),prostate (19 cases),biliary_tract (14 cases),vulva (11 cases),bone (9 cases),endometrium (9 cases),soft_tissue (8 cases),cervix (5 cases),thyroid (4 cases),kidney (3 cases),adrenal_gland (3 cases),pleura (2 cases),genital_tract (2 cases),salivary_gland (1 cases),autonomic_ganglia (1 cases),eye (1 cases),thymus (1 cases),small_intestine (1 cases)","large_intestine (2857 cases),lung (1950 cases),breast (1840 cases),upper_aerodigestive_tract (1518 cases),oesophagus (1478 cases),ovary (1326 cases),central_nervous_system (1152 cases),haematopoietic_and_lymphoid_tissue (1148 cases),stomach (938 cases),liver (933 cases),urinary_tract (926 cases),pancreas (594 cases),skin (585 cases),prostate (222 cases),endometrium (215 cases),biliary_tract (207 cases),soft_tissue (177 cases),vulva (110 cases),bone (103 cases),kidney (98 cases),adrenal_gland (63 cases),thyroid (62 cases),cervix (59 cases),small_intestine (43 cases),salivary_gland (38 cases),peritoneum (23 cases),eye (22 cases),pleura (18 cases),thymus (16 cases),genital_tract (15 cases),NS (13 cases),penis (9 cases),testis (6 cases),autonomic_ganglia (5 cases),meninges (3 cases),fallopian_tube (2 cases),pituitary (2 cases),placenta (1 cases),gastrointestinal_tract_(site_indeterminate) (1 cases),vagina (1 cases)"," P53 DNA-binding domain (109-288)","-"]
["CGST48","CGST48P","Baseline","EGFR","G514D","epidermal growth factor receptor","CCDS5514.1",7,55229234,55229234,"G","A","Substitution","Nonsynonymous coding",{"v":0.002691,"d":"0.27%"},2230,6,"No","-","-","skin (1 cases),stomach (1 cases)","lung (5182 cases),central_nervous_system (204 cases),large_intestine (151 cases),upper_aerodigestive_tract (60 cases),skin (44 cases),ovary (35 cases),breast (35 cases),stomach (30 cases),haematopoietic_and_lymphoid_tissue (30 cases),prostate (28 cases),oesophagus (23 cases),biliary_tract (14 cases),endometrium (14 cases),kidney (12 cases),urinary_tract (12 cases),thyroid (12 cases),salivary_gland (11 cases),peritoneum (11 cases),liver (6 cases),adrenal_gland (6 cases),bone (5 cases),pancreas (4 cases),pleura (3 cases),soft_tissue (3 cases),thymus (2 cases),autonomic_ganglia (1 cases),eye (1 cases),small_intestine (1 cases)"," Furin-like repeats (504-540)","-"]
["CGST48","CGST48P","Baseline","FBXW7","R505L","F-box and WD repeat domain containing 7, E3 ubiquitin protein ligase","CCDS3777.1",4,153247288,153247288,"C","A","Substitution","Nonsynonymous coding",{"v":0.015504,"d":"1.55%"},1806,28,"No","ovary (2 cases),large_intestine (2 cases),haematopoietic_and_lymphoid_tissue (2 cases),upper_aerodigestive_tract (1 cases)","R505P/R505G/R505H/R505C/R505S haematopoietic_and_lymphoid_tissue (31 cases),large_intestine (30 cases),endometrium (7 cases),skin (4 cases),lung (4 cases),urinary_tract (3 cases),oesophagus (3 cases),upper_aerodigestive_tract (2 cases),biliary_tract (2 cases),ovary (1 cases),stomach (1 cases),pancreas (1 cases)","breast (14 cases),large_intestine (3 cases),skin (2 cases),stomach (2 cases),lung (2 cases)","large_intestine (336 cases),haematopoietic_and_lymphoid_tissue (179 cases),endometrium (62 cases),lung (45 cases),stomach (44 cases),breast (39 cases),skin (31 cases),upper_aerodigestive_tract (20 cases),urinary_tract (19 cases),oesophagus (16 cases),pancreas (13 cases),ovary (12 cases),central_nervous_system (11 cases),biliary_tract (11 cases),kidney (10 cases),small_intestine (5 cases),liver (4 cases),soft_tissue (3 cases),prostate (2 cases),salivary_gland (1 cases),bone (1 cases),NS (1 cases),cervix (1 cases),eye (1 cases)"," FOG: WD40 repeat [General function prediction only] (320-660); WD40 domain, found in a number of eukaryotic proteins that cover a wide variety of functions including adaptor/regulatory modules in signal transduction, pre-mRNA processing and cytoskeleton assembly (374-650)","-"]
["CGST48","CGST48P","Baseline","TP53","N239S","tumor protein p53","CCDS11118.1",17,7577565,7577565,"T","C","Substitution","Nonsynonymous coding",{"v":0.042097,"d":"4.21%"},1259,53,"Yes","haematopoietic_and_lymphoid_tissue (4 cases),urinary_tract (4 cases),large_intestine (3 cases),lung (2 cases),upper_aerodigestive_tract (2 cases),oesophagus (2 cases),ovary (1 cases),vulva (1 cases),breast (1 cases),stomach (1 cases),soft_tissue (1 cases),kidney (1 cases),central_nervous_system (1 cases),endometrium (1 cases)","N239I/NS239SS/NS239*S/N239N/N239Y/N239T/N239K/N239D ovary (12 cases),haematopoietic_and_lymphoid_tissue (12 cases),large_intestine (7 cases),lung (5 cases),upper_aerodigestive_tract (5 cases),liver (4 cases),breast (3 cases),stomach (3 cases),urinary_tract (3 cases),oesophagus (3 cases),prostate (3 cases),biliary_tract (3 cases),central_nervous_system (2 cases),endometrium (2 cases),kidney (1 cases),peritoneum (1 cases),thyroid (1 cases),fallopian_tube (1 cases)","large_intestine (148 cases),breast (141 cases),ovary (127 cases),lung (126 cases),haematopoietic_and_lymphoid_tissue (108 cases),upper_aerodigestive_tract (103 cases),oesophagus (95 cases),central_nervous_system (82 cases),liver (67 cases),stomach (66 cases),urinary_tract (64 cases),skin (45 cases),pancreas (40 cases),endometrium (30 cases),soft_tissue (21 cases),biliary_tract (21 cases),prostate (19 cases),kidney (14 cases),bone (8 cases),cervix (8 cases),vulva (5 cases),eye (5 cases),thyroid (3 cases),adrenal_gland (2 cases),thymus (2 cases),small_intestine (2 cases),salivary_gland (1 cases),meninges (1 cases),testis (1 cases)","large_intestine (2857 cases),lung (1950 cases),breast (1840 cases),upper_aerodigestive_tract (1518 cases),oesophagus (1478 cases),ovary (1326 cases),central_nervous_system (1152 cases),haematopoietic_and_lymphoid_tissue (1148 cases),stomach (938 cases),liver (933 cases),urinary_tract (926 cases),pancreas (594 cases),skin (585 cases),prostate (222 cases),endometrium (215 cases),biliary_tract (207 cases),soft_tissue (177 cases),vulva (110 cases),bone (103 cases),kidney (98 cases),adrenal_gland (63 cases),thyroid (62 cases),cervix (59 cases),small_intestine (43 cases),salivary_gland (38 cases),peritoneum (23 cases),eye (22 cases),pleura (18 cases),thymus (16 cases),genital_tract (15 cases),NS (13 cases),penis (9 cases),testis (6 cases),autonomic_ganglia (5 cases),meninges (3 cases),fallopian_tube (2 cases),pituitary (2 cases),placenta (1 cases),gastrointestinal_tract_(site_indeterminate) (1 cases),vagina (1 cases)"," P53 DNA-binding domain (109-288)","-"]
["CGST57","CGST57P","Baseline","ABL1","G254R","c-abl oncogene 1, non-receptor tyrosine kinase","CCDS35166.1",9,133738360,133738360,"G","A","Substitution","Nonsynonymous coding",{"v":2.4650780608052587E-3,"d":"0.25%"},1217,3,"No","-","-","haematopoietic_and_lymphoid_tissue (72 cases),large_intestine (4 cases),stomach (2 cases),lung (1 cases),endometrium (1 cases),kidney (1 cases)","haematopoietic_and_lymphoid_tissue (261 cases),large_intestine (65 cases),skin (31 cases),lung (20 cases),endometrium (15 cases),stomach (13 cases),ovary (11 cases),kidney (9 cases),urinary_tract (8 cases),liver (8 cases),breast (7 cases),oesophagus (5 cases),upper_aerodigestive_tract (5 cases),central_nervous_system (5 cases),bone (2 cases),pancreas (1 cases),prostate (1 cases),thyroid (1 cases)"," Catalytic domain of the Protein Tyrosine Kinase, Abelson kinase (235-497); Protein tyrosine kinase (242-493)","-"]
["CGST57","CGST57P","Baseline","KIT","A895T","v-kit Hardy-Zuckerman 4 feline sarcoma viral oncogene homolog","CCDS3496.1",4,55602973,55602973,"G","A","Substitution","Nonsynonymous coding",{"v":0.003556,"d":"0.36%"},1406,5,"No","large_intestine (1 cases),NS (1 cases),stomach (1 cases)","-","-","haematopoietic_and_lymphoid_tissue (1127 cases),soft_tissue (980 cases),skin (203 cases),large_intestine (165 cases),testis (50 cases),genital_tract (41 cases),lung (36 cases),ovary (25 cases),breast (25 cases),endometrium (21 cases),liver (19 cases),stomach (16 cases),thymus (14 cases),central_nervous_system (14 cases),eye (10 cases),salivary_gland (9 cases),pancreas (8 cases),oesophagus (7 cases),NS (6 cases),urinary_tract (6 cases),kidney (5 cases),bone (4 cases),prostate (4 cases),upper_aerodigestive_tract (3 cases),autonomic_ganglia (1 cases),biliary_tract (1 cases)"," Catalytic domain of the Protein Tyrosine Kinase, Kit (553-928); Protein tyrosine kinase (771-924)","-"]
["CGST62","CGST62P","Baseline","ALK","S1487L","anaplastic lymphoma receptor tyrosine kinase","CCDS33172.1",2,29416493,29416493,"G","A","Substitution","Nonsynonymous coding",{"v":0.002491,"d":"0.25%"},3613,9,"No","-","-","prostate (3 cases),lung (1 cases)","autonomic_ganglia (206 cases),large_intestine (115 cases),lung (79 cases),skin (75 cases),stomach (23 cases),endometrium (19 cases),breast (18 cases),haematopoietic_and_lymphoid_tissue (18 cases),oesophagus (17 cases),ovary (12 cases),liver (12 cases),upper_aerodigestive_tract (9 cases),kidney (8 cases),urinary_tract (6 cases),soft_tissue (6 cases),central_nervous_system (6 cases),pancreas (5 cases),prostate (5 cases),NS (4 cases),thyroid (4 cases),adrenal_gland (3 cases),pleura (1 cases),bone (1 cases),thymus (1 cases),biliary_tract (1 cases)","-","-"]
["CGST63","CGST63P","Baseline","ATM","K3043R","ataxia telangiectasia mutated","CCDS31669.1",11,108236192,108236192,"A","G","Substitution","Nonsynonymous coding",{"v":1.456E-3,"d":"0.15%"},4120,6,"No","-","-","haematopoietic_and_lymphoid_tissue (4 cases),large_intestine (3 cases),breast (1 cases),endometrium (1 cases)","haematopoietic_and_lymphoid_tissue (358 cases),large_intestine (247 cases),lung (79 cases),skin (45 cases),stomach (37 cases),breast (34 cases),kidney (34 cases),endometrium (34 cases),liver (32 cases),pancreas (27 cases),urinary_tract (24 cases),prostate (21 cases),central_nervous_system (15 cases),oesophagus (13 cases),ovary (9 cases),upper_aerodigestive_tract (9 cases),bone (6 cases),thyroid (5 cases),biliary_tract (5 cases),NS (3 cases),autonomic_ganglia (3 cases),salivary_gland (2 cases),soft_tissue (2 cases),peritoneum (1 cases),small_intestine (1 cases)"," FATC domain (3026-3055)","-"]
["CGST63","CGST63P","Baseline","ATM","T547P","ataxia telangiectasia mutated","CCDS31669.1",11,108122595,108122595,"A","C","Substitution","Nonsynonymous coding",{"v":0.00352,"d":"0.35%"},3125,11,"No","-","-","liver (2 cases),skin (1 cases),haematopoietic_and_lymphoid_tissue (1 cases),endometrium (1 cases)","haematopoietic_and_lymphoid_tissue (358 cases),large_intestine (247 cases),lung (79 cases),skin (45 cases),stomach (37 cases),breast (34 cases),kidney (34 cases),endometrium (34 cases),liver (32 cases),pancreas (27 cases),urinary_tract (24 cases),prostate (21 cases),central_nervous_system (15 cases),oesophagus (13 cases),ovary (9 cases),upper_aerodigestive_tract (9 cases),bone (6 cases),thyroid (5 cases),biliary_tract (5 cases),NS (3 cases),autonomic_ganglia (3 cases),salivary_gland (2 cases),soft_tissue (2 cases),peritoneum (1 cases),small_intestine (1 cases)","-","-"]
["CGST63","CGST63P","Baseline","CTNNB1","G34E","catenin (cadherin-associated protein), beta 1, 88kDa","CCDS2694.1",3,41266104,41266104,"G","A","Substitution","Nonsynonymous coding",{"v":0.002523,"d":"0.25%"},3964,10,"Yes","liver (33 cases),central_nervous_system (16 cases),endometrium (15 cases),stomach (7 cases),skin (6 cases),ovary (4 cases),large_intestine (4 cases),soft_tissue (3 cases),prostate (1 cases),lung (1 cases),testis (1 cases)","G34V/G34R liver (72 cases),endometrium (30 cases),central_nervous_system (25 cases),pancreas (21 cases),ovary (10 cases),stomach (10 cases),large_intestine (8 cases),pituitary (7 cases),skin (5 cases),soft_tissue (4 cases),lung (4 cases),bone (2 cases),breast (1 cases),prostate (1 cases),testis (1 cases),biliary_tract (1 cases)","liver (450 cases),central_nervous_system (211 cases),endometrium (187 cases),stomach (136 cases),pancreas (99 cases),pituitary (79 cases),ovary (75 cases),skin (72 cases),large_intestine (66 cases),lung (33 cases),small_intestine (31 cases),soft_tissue (23 cases),biliary_tract (23 cases),urinary_tract (14 cases),prostate (13 cases),salivary_gland (12 cases),kidney (12 cases),parathyroid (11 cases),bone (9 cases),thyroid (8 cases),testis (8 cases),oesophagus (7 cases),adrenal_gland (7 cases),haematopoietic_and_lymphoid_tissue (6 cases),breast (5 cases),NS (4 cases),cervix (3 cases),peritoneum (1 cases),thymus (1 cases)","soft_tissue (1075 cases),liver (927 cases),large_intestine (359 cases),endometrium (309 cases),central_nervous_system (258 cases),stomach (198 cases),pancreas (131 cases),kidney (129 cases),skin (128 cases),pituitary (112 cases),ovary (111 cases),lung (65 cases),adrenal_gland (60 cases),haematopoietic_and_lymphoid_tissue (49 cases),biliary_tract (41 cases),small_intestine (34 cases),thyroid (33 cases),prostate (29 cases),bone (21 cases),urinary_tract (19 cases),breast (17 cases),salivary_gland (14 cases),oesophagus (12 cases),parathyroid (11 cases),testis (10 cases),cervix (8 cases),NS (5 cases),upper_aerodigestive_tract (3 cases),pleura (2 cases),peritoneum (1 cases),thymus (1 cases)","-","-"]
["CGST63","CGST63P","Baseline","PIK3CA","C420R","phosphatidylinositol-4,5-bisphosphate 3-kinase, catalytic subunit alpha","CCDS43171.1",3,178927980,178927980,"T","C","Substitution","Nonsynonymous coding",{"v":0.003945,"d":"0.39%"},2788,11,"Yes","breast (19 cases),large_intestine (14 cases),endometrium (11 cases),stomach (3 cases),central_nervous_system (2 cases),salivary_gland (1 cases),NS (1 cases),prostate (1 cases),lung (1 cases),small_intestine (1 cases)","C420C large_intestine (4 cases)","large_intestine (11 cases),breast (4 cases),endometrium (2 cases),upper_aerodigestive_tract (1 cases),urinary_tract (1 cases)","breast (1991 cases),large_intestine (1502 cases),endometrium (617 cases),urinary_tract (273 cases),ovary (218 cases),lung (184 cases),central_nervous_system (168 cases),upper_aerodigestive_tract (157 cases),stomach (153 cases),thyroid (87 cases),skin (84 cases),liver (60 cases),oesophagus (46 cases),cervix (42 cases),haematopoietic_and_lymphoid_tissue (33 cases),soft_tissue (33 cases),kidney (31 cases),pancreas (26 cases),gastrointestinal_tract_(site_indeterminate) (21 cases),prostate (19 cases),salivary_gland (16 cases),NS (13 cases),pituitary (12 cases),biliary_tract (10 cases),penis (8 cases),small_intestine (8 cases),vulva (7 cases),autonomic_ganglia (6 cases),bone (5 cases),meninges (3 cases),peritoneum (2 cases),parathyroid (1 cases),pleura (1 cases),eye (1 cases)"," C2 domain present in class I alpha phosphatidylinositol 3-kinases (PI3Ks) (325-484)","-"]
["CGST65","CGST65P","Baseline","PIK3CA","Y1021C","phosphatidylinositol-4,5-bisphosphate 3-kinase, catalytic subunit alpha","CCDS43171.1",3,178952007,178952007,"A","G","Substitution","Nonsynonymous coding",{"v":0.000701,"d":"0.07%"},5704,4,"Yes","endometrium (13 cases),large_intestine (7 cases),stomach (4 cases),ovary (1 cases),breast (1 cases),central_nervous_system (1 cases),lung (1 cases)","Y1021F/Y1021N/Y1021H lung (4 cases),endometrium (2 cases),large_intestine (1 cases),central_nervous_system (1 cases),prostate (1 cases),stomach (1 cases)","large_intestine (39 cases),breast (24 cases),endometrium (21 cases),thyroid (7 cases),ovary (5 cases),lung (5 cases),haematopoietic_and_lymphoid_tissue (4 cases),upper_aerodigestive_tract (4 cases),central_nervous_system (3 cases),stomach (1 cases),urinary_tract (1 cases),liver (1 cases),pituitary (1 cases)","breast (1991 cases),large_intestine (1502 cases),endometrium (617 cases),urinary_tract (273 cases),ovary (218 cases),lung (184 cases),central_nervous_system (168 cases),upper_aerodigestive_tract (157 cases),stomach (153 cases),thyroid (87 cases),skin (84 cases),liver (60 cases),oesophagus (46 cases),cervix (42 cases),haematopoietic_and_lymphoid_tissue (33 cases),soft_tissue (33 cases),kidney (31 cases),pancreas (26 cases),gastrointestinal_tract_(site_indeterminate) (21 cases),prostate (19 cases),salivary_gland (16 cases),NS (13 cases),pituitary (12 cases),biliary_tract (10 cases),penis (8 cases),small_intestine (8 cases),vulva (7 cases),autonomic_ganglia (6 cases),bone (5 cases),meninges (3 cases),peritoneum (2 cases),parathyroid (1 cases),pleura (1 cases),eye (1 cases)"," Phosphoinositide 3-kinase (PI3K), class IA, alpha isoform, catalytic domain (699-1064)"," Phosphoinositide 3-kinase, catalytic domain (799-1017)"]
["CGST65","CGST65P","Baseline","TP53","V216M","tumor protein p53","CCDS11118.1",17,7578203,7578203,"C","T","Substitution","Nonsynonymous coding",{"v":0.005512,"d":"0.55%"},5987,33,"Yes","breast (11 cases),haematopoietic_and_lymphoid_tissue (11 cases),oesophagus (9 cases),upper_aerodigestive_tract (8 cases),central_nervous_system (8 cases),ovary (6 cases),lung (5 cases),large_intestine (4 cases),pancreas (3 cases),bone (2 cases),soft_tissue (2 cases),liver (2 cases),vulva (1 cases),stomach (1 cases)","V216A/V216E/V216G/V216L ovary (4 cases),lung (4 cases),upper_aerodigestive_tract (4 cases),breast (3 cases),large_intestine (3 cases),urinary_tract (2 cases),skin (1 cases),soft_tissue (1 cases),oesophagus (1 cases),central_nervous_system (1 cases)","large_intestine (149 cases),breast (120 cases),oesophagus (103 cases),ovary (90 cases),lung (84 cases),upper_aerodigestive_tract (77 cases),stomach (69 cases),haematopoietic_and_lymphoid_tissue (65 cases),central_nervous_system (62 cases),urinary_tract (48 cases),liver (47 cases),pancreas (34 cases),skin (32 cases),soft_tissue (19 cases),prostate (12 cases),endometrium (11 cases),biliary_tract (9 cases),bone (7 cases),thyroid (7 cases),peritoneum (6 cases),kidney (5 cases),small_intestine (5 cases),salivary_gland (2 cases),vulva (2 cases),adrenal_gland (2 cases),eye (2 cases),pleura (1 cases),NS (1 cases),cervix (1 cases),thymus (1 cases)","large_intestine (2857 cases),lung (1950 cases),breast (1840 cases),upper_aerodigestive_tract (1518 cases),oesophagus (1478 cases),ovary (1326 cases),central_nervous_system (1152 cases),haematopoietic_and_lymphoid_tissue (1148 cases),stomach (938 cases),liver (933 cases),urinary_tract (926 cases),pancreas (594 cases),skin (585 cases),prostate (222 cases),endometrium (215 cases),biliary_tract (207 cases),soft_tissue (177 cases),vulva (110 cases),bone (103 cases),kidney (98 cases),adrenal_gland (63 cases),thyroid (62 cases),cervix (59 cases),small_intestine (43 cases),salivary_gland (38 cases),peritoneum (23 cases),eye (22 cases),pleura (18 cases),thymus (16 cases),genital_tract (15 cases),NS (13 cases),penis (9 cases),testis (6 cases),autonomic_ganglia (5 cases),meninges (3 cases),fallopian_tube (2 cases),pituitary (2 cases),placenta (1 cases),gastrointestinal_tract_(site_indeterminate) (1 cases),vagina (1 cases)"," P53 DNA-binding domain (109-288)","-"]
["CGST68","CGST68P","Baseline","ALK","G35_P36insL","anaplastic lymphoma receptor tyrosine kinase","CCDS33172.1",2,30143420,30143420,"NULL","GGA","Insertion","In-frame insertion",{"v":0.000382,"d":"0.04%"},2619,1,"No","-","-","-","autonomic_ganglia (206 cases),large_intestine (115 cases),lung (79 cases),skin (75 cases),stomach (23 cases),endometrium (19 cases),breast (18 cases),haematopoietic_and_lymphoid_tissue (18 cases),oesophagus (17 cases),ovary (12 cases),liver (12 cases),upper_aerodigestive_tract (9 cases),kidney (8 cases),urinary_tract (6 cases),soft_tissue (6 cases),central_nervous_system (6 cases),pancreas (5 cases),prostate (5 cases),NS (4 cases),thyroid (4 cases),adrenal_gland (3 cases),pleura (1 cases),bone (1 cases),thymus (1 cases),biliary_tract (1 cases)","-","-"]
["CGST68","CGST68P","Baseline","ATM","N/A","ataxia telangiectasia mutated","CCDS31669.1",11,108142134,108142134,"G","A","Substitution","Splice site donor",{"v":0.001118,"d":"0.11%"},2683,3,"No","-","-","upper_aerodigestive_tract (1 cases),skin (1 cases),haematopoietic_and_lymphoid_tissue (1 cases),endometrium (1 cases)","skin (487 cases),urinary_tract (221 cases),thyroid (212 cases),upper_aerodigestive_tract (140 cases),soft_tissue (40 cases),salivary_gland (35 cases),prostate (35 cases),cervix (23 cases),lung (20 cases),large_intestine (15 cases),stomach (14 cases),haematopoietic_and_lymphoid_tissue (13 cases),vulva (10 cases),pituitary (10 cases),central_nervous_system (8 cases),breast (7 cases),bone (5 cases),testis (5 cases),adrenal_gland (4 cases),endometrium (4 cases),oesophagus (3 cases),penis (2 cases),kidney (2 cases),liver (2 cases),autonomic_ganglia (2 cases),biliary_tract (2 cases),ovary (1 cases),genital_tract (1 cases),thymus (1 cases)","-","-"]
["CGST68","CGST68P","Baseline","HRAS","D54Efs*53","Harvey rat sarcoma viral oncogene homolog","CCDS7698.1",11,533895,533895,"NULL","AGTACAGC","Insertion","Frameshift",{"v":0.000315,"d":"0.03%"},3174,1,"No","-","-","upper_aerodigestive_tract (1 cases),skin (1 cases),haematopoietic_and_lymphoid_tissue (1 cases),endometrium (1 cases)","skin (487 cases),urinary_tract (221 cases),thyroid (212 cases),upper_aerodigestive_tract (140 cases),soft_tissue (40 cases),salivary_gland (35 cases),prostate (35 cases),cervix (23 cases),lung (20 cases),large_intestine (15 cases),stomach (14 cases),haematopoietic_and_lymphoid_tissue (13 cases),vulva (10 cases),pituitary (10 cases),central_nervous_system (8 cases),breast (7 cases),bone (5 cases),testis (5 cases),adrenal_gland (4 cases),endometrium (4 cases),oesophagus (3 cases),penis (2 cases),kidney (2 cases),liver (2 cases),autonomic_ganglia (2 cases),biliary_tract (2 cases),ovary (1 cases),genital_tract (1 cases),thymus (1 cases)","-","-"]
["CGST79","CGST79P","Baseline","MYC","R98W","v-myc avian myelocytomatosis viral oncogene homolog","CCDS6359.2",8,128750755,128750755,"C","T","Substitution","Nonsynonymous coding",{"v":2.186E-3,"d":"0.22%"},2745,6,"No","-","-","haematopoietic_and_lymphoid_tissue (2 cases),large_intestine (1 cases)","haematopoietic_and_lymphoid_tissue (45 cases),large_intestine (20 cases),skin (10 cases),lung (9 cases),stomach (8 cases),endometrium (8 cases),urinary_tract (4 cases),liver (4 cases),ovary (3 cases),kidney (2 cases),pancreas (2 cases),upper_aerodigestive_tract (2 cases),biliary_tract (2 cases),bone (1 cases),breast (1 cases),oesophagus (1 cases),autonomic_ganglia (1 cases),prostate (1 cases),thyroid (1 cases)"," Myc amino-terminal region (16-360)","-"]
["CGST80","CGST80P","Baseline","HRAS","G161E","Harvey rat sarcoma viral oncogene homolog","CCDS7698.1",11,533327,533327,"C","T","Substitution","Nonsynonymous coding",{"v":0.003596,"d":"0.36%"},3059,11,"No","-","G161R large_intestine (1 cases)","lung (1 cases)","skin (487 cases),urinary_tract (221 cases),thyroid (212 cases),upper_aerodigestive_tract (140 cases),soft_tissue (40 cases),salivary_gland (35 cases),prostate (35 cases),cervix (23 cases),lung (20 cases),large_intestine (15 cases),stomach (14 cases),haematopoietic_and_lymphoid_tissue (13 cases),vulva (10 cases),pituitary (10 cases),central_nervous_system (8 cases),breast (7 cases),bone (5 cases),testis (5 cases),adrenal_gland (4 cases),endometrium (4 cases),oesophagus (3 cases),penis (2 cases),kidney (2 cases),liver (2 cases),autonomic_ganglia (2 cases),biliary_tract (2 cases),ovary (1 cases),genital_tract (1 cases),thymus (1 cases)","-"," GTPase SAR1 and related small G proteins [General function prediction only] (1-147); Ras GTPase family containing H-Ras,N-Ras and K-Ras4A/4B (3-150)"]
["CGST80","CGST80P","Baseline","TP53","S166*","tumor protein p53","CCDS11118.1",17,7578433,7578433,"G","C","Substitution","Nonsense",{"v":0.010367,"d":"1.04%"},4823,50,"No","lung (5 cases),urinary_tract (2 cases),ovary (1 cases),breast (1 cases),oesophagus (1 cases),haematopoietic_and_lymphoid_tissue (1 cases),stomach (1 cases)","-","lung (97 cases),large_intestine (83 cases),breast (81 cases),oesophagus (67 cases),haematopoietic_and_lymphoid_tissue (46 cases),upper_aerodigestive_tract (46 cases),ovary (45 cases),liver (35 cases),central_nervous_system (32 cases),stomach (31 cases),urinary_tract (30 cases),pancreas (19 cases),skin (18 cases),soft_tissue (11 cases),prostate (11 cases),salivary_gland (7 cases),cervix (5 cases),biliary_tract (5 cases),endometrium (5 cases),vulva (3 cases),thyroid (2 cases),pleura (1 cases),bone (1 cases),kidney (1 cases),peritoneum (1 cases),adrenal_gland (1 cases),meninges (1 cases),small_intestine (1 cases)","large_intestine (2857 cases),lung (1950 cases),breast (1840 cases),upper_aerodigestive_tract (1518 cases),oesophagus (1478 cases),ovary (1326 cases),central_nervous_system (1152 cases),haematopoietic_and_lymphoid_tissue (1148 cases),stomach (938 cases),liver (933 cases),urinary_tract (926 cases),pancreas (594 cases),skin (585 cases),prostate (222 cases),endometrium (215 cases),biliary_tract (207 cases),soft_tissue (177 cases),vulva (110 cases),bone (103 cases),kidney (98 cases),adrenal_gland (63 cases),thyroid (62 cases),cervix (59 cases),small_intestine (43 cases),salivary_gland (38 cases),peritoneum (23 cases),eye (22 cases),pleura (18 cases),thymus (16 cases),genital_tract (15 cases),NS (13 cases),penis (9 cases),testis (6 cases),autonomic_ganglia (5 cases),meninges (3 cases),fallopian_tube (2 cases),pituitary (2 cases),placenta (1 cases),gastrointestinal_tract_(site_indeterminate) (1 cases),vagina (1 cases)"," P53 DNA-binding domain (109-288)","-"]
["CGST109","CGST109P2","Postoperative","BRAF","G32_A33del","v-raf murine sarcoma viral oncogene homolog B","CCDS5863.1",7,140624404,140624409,"CGGCGC","NULL","Deletion","In-frame deletion",{"v":6.8681318681318687E-4,"d":"0.07%"},1456,1,"No","-","-","haematopoietic_and_lymphoid_tissue (1 cases)","thyroid (12133 cases),skin (5148 cases),large_intestine (4462 cases),NS (860 cases),haematopoietic_and_lymphoid_tissue (515 cases),central_nervous_system (322 cases),ovary (261 cases),lung (170 cases),eye (67 cases),pituitary (57 cases),endometrium (37 cases),soft_tissue (36 cases),biliary_tract (33 cases),stomach (29 cases),breast (27 cases),prostate (27 cases),liver (24 cases),upper_aerodigestive_tract (22 cases),urinary_tract (21 cases),pancreas (18 cases),small_intestine (16 cases),bone (15 cases),testis (8 cases),cervix (6 cases),kidney (6 cases),oesophagus (5 cases),genital_tract (4 cases),adrenal_gland (4 cases),salivary_gland (2 cases),meninges (2 cases),autonomic_ganglia (2 cases),pleura (1 cases)","-","-"]
["CGST113","CGST113P2","Postoperative","KIT","S241Y","v-kit Hardy-Zuckerman 4 feline sarcoma viral oncogene homolog","CCDS3496.1",4,55565898,55565898,"C","A","Substitution","Nonsynonymous coding",{"v":0.0003,"d":"0.03%"},3005,1,"Yes","large_intestine (151 cases),breast (60 cases),oesophagus (47 cases),central_nervous_system (38 cases),haematopoietic_and_lymphoid_tissue (32 cases),stomach (32 cases),ovary (31 cases),skin (31 cases),upper_aerodigestive_tract (25 cases),urinary_tract (21 cases),lung (20 cases),endometrium (20 cases),pancreas (13 cases),biliary_tract (9 cases),vulva (4 cases),soft_tissue (4 cases),liver (4 cases),prostate (4 cases),thyroid (4 cases),kidney (3 cases),pleura (1 cases),bone (1 cases),penis (1 cases),cervix (1 cases)","RR248CR/R248Q/R248P/R248G/RR248QR/R248L/R248R/RR248LR large_intestine (163 cases),lung (98 cases),breast (79 cases),haematopoietic_and_lymphoid_tissue (73 cases),upper_aerodigestive_tract (63 cases),central_nervous_system (53 cases),stomach (46 cases),urinary_tract (44 cases),oesophagus (44 cases),ovary (40 cases),skin (22 cases),pancreas (19 cases),endometrium (13 cases),liver (12 cases),vulva (8 cases),prostate (8 cases),small_intestine (8 cases),thyroid (5 cases),bone (4 cases),biliary_tract (4 cases),kidney (3 cases),cervix (3 cases),pleura (1 cases),NS (1 cases),soft_tissue (1 cases),peritoneum (1 cases),pituitary (1 cases),adrenal_gland (1 cases),thymus (1 cases)","liver (299 cases),large_intestine (255 cases),lung (206 cases),breast (134 cases),upper_aerodigestive_tract (131 cases),oesophagus (112 cases),stomach (99 cases),haematopoietic_and_lymphoid_tissue (95 cases),ovary (91 cases),central_nervous_system (63 cases),skin (54 cases),urinary_tract (51 cases),pancreas (31 cases),prostate (20 cases),endometrium (15 cases),soft_tissue (12 cases),kidney (10 cases),vulva (9 cases),biliary_tract (9 cases),small_intestine (7 cases),bone (6 cases),cervix (6 cases),adrenal_gland (4 cases),salivary_gland (3 cases),thyroid (3 cases),peritoneum (2 cases),pleura (1 cases),penis (1 cases),NS (1 cases),genital_tract (1 cases),eye (1 cases)","large_intestine (2857 cases),lung (1950 cases),breast (1840 cases),upper_aerodigestive_tract (1518 cases),oesophagus (1478 cases),ovary (1326 cases),central_nervous_system (1152 cases),haematopoietic_and_lymphoid_tissue (1148 cases),stomach (938 cases),liver (933 cases),urinary_tract (926 cases),pancreas (594 cases),skin (585 cases),prostate (222 cases),endometrium (215 cases),biliary_tract (207 cases),soft_tissue (177 cases),vulva (110 cases),bone (103 cases),kidney (98 cases),adrenal_gland (63 cases),thyroid (62 cases),cervix (59 cases),small_intestine (43 cases),salivary_gland (38 cases),peritoneum (23 cases),eye (22 cases),pleura (18 cases),thymus (16 cases),genital_tract (15 cases),NS (13 cases),penis (9 cases),testis (6 cases),autonomic_ganglia (5 cases),meninges (3 cases),fallopian_tube (2 cases),pituitary (2 cases),placenta (1 cases),gastrointestinal_tract_(site_indeterminate) (1 cases),vagina (1 cases)"," P53 DNA-binding domain (109-288)","-"]
["CGST134","CGST134P2","Postoperative","MYC","S225L","v-myc avian myelocytomatosis viral oncogene homolog","CCDS6359.2",8,128751137,128751137,"C","T","Substitution","Nonsynonymous coding",{"v":0.0002,"d":"0.02%"},5746,1,"No","-","-","-","haematopoietic_and_lymphoid_tissue (45 cases),large_intestine (20 cases),skin (10 cases),lung (9 cases),stomach (8 cases),endometrium (8 cases),urinary_tract (4 cases),liver (4 cases),ovary (3 cases),kidney (2 cases),pancreas (2 cases),upper_aerodigestive_tract (2 cases),biliary_tract (2 cases),bone (1 cases),breast (1 cases),oesophagus (1 cases),autonomic_ganglia (1 cases),prostate (1 cases),thyroid (1 cases)"," Myc amino-terminal region (16-360)","-"]
["CGST134","CGST134P2","Postoperative","BRAF","G32_A33del","v-raf murine sarcoma viral oncogene homolog B","CCDS5863.1",7,140624404,140624409,"CGGCGC","NULL","Deletion","In-frame deletion",{"v":0.002517,"d":"0.25%"},2384,6,"No","-","-","haematopoietic_and_lymphoid_tissue (1 cases)","thyroid (12133 cases),skin (5148 cases),large_intestine (4462 cases),NS (860 cases),haematopoietic_and_lymphoid_tissue (515 cases),central_nervous_system (322 cases),ovary (261 cases),lung (170 cases),eye (67 cases),pituitary (57 cases),endometrium (37 cases),soft_tissue (36 cases),biliary_tract (33 cases),stomach (29 cases),breast (27 cases),prostate (27 cases),liver (24 cases),upper_aerodigestive_tract (22 cases),urinary_tract (21 cases),pancreas (18 cases),small_intestine (16 cases),bone (15 cases),testis (8 cases),cervix (6 cases),kidney (6 cases),oesophagus (5 cases),genital_tract (4 cases),adrenal_gland (4 cases),salivary_gland (2 cases),meninges (2 cases),autonomic_ganglia (2 cases),pleura (1 cases)","-","-"]
["CGST148","CGST148P2","Postoperative","STK11","V128Dfs*34","serine/threonine kinase 11","CCDS45896.1",19,1219330,1219331,"GT","NULL","Deletion","Frameshift",{"v":0.002599,"d":"0.26%"},1924,5,"No","-","-","cervix (10 cases),lung (3 cases),pancreas (1 cases),liver (1 cases),large_intestine (1 cases),breast (1 cases),kidney (1 cases)","lung (198 cases),large_intestine (54 cases),cervix (26 cases),skin (25 cases),stomach (13 cases),pancreas (10 cases),kidney (6 cases),breast (5 cases),haematopoietic_and_lymphoid_tissue (5 cases),gastrointestinal_tract_(site_indeterminate) (5 cases),liver (3 cases),biliary_tract (3 cases),ovary (2 cases),upper_aerodigestive_tract (2 cases),central_nervous_system (2 cases),small_intestine (2 cases),endometrium (2 cases),bone (1 cases),soft_tissue (1 cases),oesophagus (1 cases),prostate (1 cases),testis (1 cases)","-","-"]
["CGST148","CGST148P2","Postoperative","KIT","G745R","v-kit Hardy-Zuckerman 4 feline sarcoma viral oncogene homolog","CCDS3496.1",4,55597585,55597585,"G","C","Substitution","Nonsynonymous coding",{"v":0.00438,"d":"0.44%"},5023,22,"No","-","-","large_intestine (1 cases),haematopoietic_and_lymphoid_tissue (1 cases)","haematopoietic_and_lymphoid_tissue (1127 cases),soft_tissue (980 cases),skin (203 cases),large_intestine (165 cases),testis (50 cases),genital_tract (41 cases),lung (36 cases),ovary (25 cases),breast (25 cases),endometrium (21 cases),liver (19 cases),stomach (16 cases),thymus (14 cases),central_nervous_system (14 cases),eye (10 cases),salivary_gland (9 cases),pancreas (8 cases),oesophagus (7 cases),NS (6 cases),urinary_tract (6 cases),kidney (5 cases),bone (4 cases),prostate (4 cases),upper_aerodigestive_tract (3 cases),autonomic_ganglia (1 cases),biliary_tract (1 cases)"," Catalytic domain of the Protein Tyrosine Kinase, Kit (553-928)"," Protein tyrosine kinase (771-924)"]
["CGST24","CGST24P2","Postoperative","KIT","L939V","v-kit Hardy-Zuckerman 4 feline sarcoma viral oncogene homolog","CCDS3496.1",4,55604607,55604607,"T","G","Substitution","Nonsynonymous coding",{"v":3.0778701138811941E-4,"d":"0.03%"},6498,2,"No","-","-","endometrium (1 cases)","large_intestine (75 cases),lung (33 cases),stomach (30 cases),skin (26 cases),upper_aerodigestive_tract (25 cases),endometrium (14 cases),breast (12 cases),oesophagus (11 cases),liver (10 cases),prostate (10 cases),ovary (8 cases),central_nervous_system (5 cases),kidney (4 cases),urinary_tract (3 cases),pancreas (3 cases),biliary_tract (3 cases),bone (2 cases),pleura (1 cases),haematopoietic_and_lymphoid_tissue (1 cases),peritoneum (1 cases),autonomic_ganglia (1 cases),adrenal_gland (1 cases),cervix (1 cases)"," Androgen receptor (6-449)","-"]
["CGST24","CGST24P2","Postoperative","AR","E323K","androgen receptor","CCDS14387.1","X",66765955,66765955,"G","A","Substitution","Nonsynonymous coding",{"v":1.176E-3,"d":"0.12%"},8506,10,"No","-","-","endometrium (1 cases)","large_intestine (75 cases),lung (33 cases),stomach (30 cases),skin (26 cases),upper_aerodigestive_tract (25 cases),endometrium (14 cases),breast (12 cases),oesophagus (11 cases),liver (10 cases),prostate (10 cases),ovary (8 cases),central_nervous_system (5 cases),kidney (4 cases),urinary_tract (3 cases),pancreas (3 cases),biliary_tract (3 cases),bone (2 cases),pleura (1 cases),haematopoietic_and_lymphoid_tissue (1 cases),peritoneum (1 cases),autonomic_ganglia (1 cases),adrenal_gland (1 cases),cervix (1 cases)"," Androgen receptor (6-449)","-"]
["CGST45","CGST45P2","Postoperative","TP53","E294*","tumor protein p53","CCDS11118.1",17,7577058,7577058,"C","A","Substitution","Nonsense",{"v":0.001435,"d":"0.14%"},2787,4,"Yes","lung (8 cases),upper_aerodigestive_tract (8 cases),large_intestine (6 cases),oesophagus (6 cases),ovary (5 cases),breast (5 cases),pancreas (4 cases),vulva (3 cases),urinary_tract (3 cases),skin (2 cases),liver (2 cases),haematopoietic_and_lymphoid_tissue (1 cases),soft_tissue (1 cases)","-","upper_aerodigestive_tract (57 cases),lung (38 cases),large_intestine (27 cases),urinary_tract (22 cases),breast (19 cases),oesophagus (18 cases),haematopoietic_and_lymphoid_tissue (14 cases),stomach (12 cases),skin (12 cases),ovary (9 cases),liver (8 cases),central_nervous_system (6 cases),pancreas (5 cases),soft_tissue (4 cases),thyroid (4 cases),prostate (3 cases),cervix (3 cases),salivary_gland (2 cases),biliary_tract (2 cases),small_intestine (2 cases),vulva (1 cases),bone (1 cases),kidney (1 cases),adrenal_gland (1 cases),eye (1 cases),placenta (1 cases),endometrium (1 cases)","large_intestine (2857 cases),lung (1950 cases),breast (1840 cases),upper_aerodigestive_tract (1518 cases),oesophagus (1478 cases),ovary (1326 cases),central_nervous_system (1152 cases),haematopoietic_and_lymphoid_tissue (1148 cases),stomach (938 cases),liver (933 cases),urinary_tract (926 cases),pancreas (594 cases),skin (585 cases),prostate (222 cases),endometrium (215 cases),biliary_tract (207 cases),soft_tissue (177 cases),vulva (110 cases),bone (103 cases),kidney (98 cases),adrenal_gland (63 cases),thyroid (62 cases),cervix (59 cases),small_intestine (43 cases),salivary_gland (38 cases),peritoneum (23 cases),eye (22 cases),pleura (18 cases),thymus (16 cases),genital_tract (15 cases),NS (13 cases),penis (9 cases),testis (6 cases),autonomic_ganglia (5 cases),meninges (3 cases),fallopian_tube (2 cases),pituitary (2 cases),placenta (1 cases),gastrointestinal_tract_(site_indeterminate) (1 cases),vagina (1 cases)","-"," P53 DNA-binding domain (109-288); P53 tetramerisation motif (319-359)"]
["CGST45","CGST45P2","Postoperative","APC","H2591N","adenomatous polyposis coli","CCDS4107.1",5,112179062,112179062,"C","A","Substitution","Nonsynonymous coding",{"v":0.00304,"d":"0.30%"},1645,5,"No","-","-","lung (1 cases)","large_intestine (3183 cases),stomach (159 cases),skin (62 cases),lung (52 cases),soft_tissue (44 cases),small_intestine (43 cases),breast (42 cases),liver (38 cases),pancreas (35 cases),endometrium (35 cases),oesophagus (28 cases),haematopoietic_and_lymphoid_tissue (25 cases),thyroid (24 cases),urinary_tract (21 cases),prostate (20 cases),kidney (16 cases),ovary (15 cases),central_nervous_system (13 cases),upper_aerodigestive_tract (12 cases),bone (10 cases),NS (7 cases),adrenal_gland (7 cases),biliary_tract (7 cases),salivary_gland (3 cases),cervix (2 cases),thymus (1 cases)","-"," APC basic domain (2223-2568)"]
["CGST45","CGST45P2","Postoperative","HRAS","G13V","Harvey rat sarcoma viral oncogene homolog","CCDS7698.1",11,534285,534285,"C","A","Substitution","Nonsynonymous coding",{"v":0.003079,"d":"0.31%"},1624,5,"Yes","upper_aerodigestive_tract (7 cases),skin (5 cases),urinary_tract (4 cases),thymus (1 cases),lung (1 cases),thyroid (1 cases),soft_tissue (1 cases)","G13S/G13C/G13D/G13G/G13R skin (265 cases),upper_aerodigestive_tract (21 cases),thyroid (18 cases),urinary_tract (17 cases),soft_tissue (8 cases),salivary_gland (4 cases),lung (4 cases),vulva (3 cases),prostate (3 cases),adrenal_gland (2 cases),bone (1 cases),breast (1 cases),haematopoietic_and_lymphoid_tissue (1 cases),large_intestine (1 cases)","urinary_tract (127 cases),skin (78 cases),upper_aerodigestive_tract (73 cases),thyroid (65 cases),soft_tissue (26 cases),cervix (21 cases),salivary_gland (15 cases),stomach (14 cases),pituitary (9 cases),vulva (6 cases),breast (4 cases),large_intestine (4 cases),bone (3 cases),prostate (3 cases),lung (3 cases),penis (1 cases),haematopoietic_and_lymphoid_tissue (1 cases),oesophagus (1 cases)","skin (487 cases),urinary_tract (221 cases),thyroid (212 cases),upper_aerodigestive_tract (140 cases),soft_tissue (40 cases),salivary_gland (35 cases),prostate (35 cases),cervix (23 cases),lung (20 cases),large_intestine (15 cases),stomach (14 cases),haematopoietic_and_lymphoid_tissue (13 cases),vulva (10 cases),pituitary (10 cases),central_nervous_system (8 cases),breast (7 cases),bone (5 cases),testis (5 cases),adrenal_gland (4 cases),endometrium (4 cases),oesophagus (3 cases),penis (2 cases),kidney (2 cases),liver (2 cases),autonomic_ganglia (2 cases),biliary_tract (2 cases),ovary (1 cases),genital_tract (1 cases),thymus (1 cases)"," GTPase SAR1 and related small G proteins [General function prediction only] (1-147); Ras GTPase family containing H-Ras,N-Ras and K-Ras4A/4B (3-150)","-"]
["CGST45","CGST45P2","Postoperative","PTEN","A137E","phosphatase and tensin homolog","CCDS31238.1",10,89692926,89692926,"C","A","Substitution","Nonsynonymous coding",{"v":0.002351,"d":"0.24%"},2552,6,"No","-","A137V/A137T upper_aerodigestive_tract (1 cases),large_intestine (1 cases)","endometrium (43 cases),central_nervous_system (25 cases),large_intestine (23 cases),ovary (4 cases),breast (4 cases),skin (4 cases),thyroid (4 cases),prostate (3 cases),lung (3 cases),cervix (2 cases),bone (1 cases),NS (1 cases),haematopoietic_and_lymphoid_tissue (1 cases),liver (1 cases),genital_tract (1 cases),meninges (1 cases),upper_aerodigestive_tract (1 cases)","endometrium (845 cases),central_nervous_system (560 cases),large_intestine (337 cases),haematopoietic_and_lymphoid_tissue (131 cases),skin (101 cases),breast (99 cases),lung (75 cases),prostate (59 cases),kidney (45 cases),ovary (44 cases),stomach (42 cases),thyroid (28 cases),liver (24 cases),upper_aerodigestive_tract (18 cases),cervix (13 cases),oesophagus (12 cases),soft_tissue (11 cases),urinary_tract (11 cases),vulva (9 cases),pancreas (9 cases),NS (8 cases),biliary_tract (5 cases),eye (4 cases),salivary_gland (3 cases),bone (2 cases),genital_tract (2 cases),meninges (2 cases),autonomic_ganglia (1 cases)"," Protein tyrosine phosphatases (PTP) catalyze the dephosphorylation of phosphotyrosine peptides (87-184)","-"]
["CGST63","CGST63P2","Postoperative","CTNNB1","S37F","catenin (cadherin-associated protein), beta 1, 88kDa","CCDS2694.1",3,41266113,41266113,"C","T","Substitution","Nonsynonymous coding",{"v":0.000631,"d":"0.06%"},6340,4,"Yes","endometrium (35 cases),stomach (26 cases),liver (23 cases),skin (23 cases),pancreas (21 cases),central_nervous_system (14 cases),lung (13 cases),ovary (12 cases),pituitary (9 cases),oesophagus (6 cases),urinary_tract (5 cases),biliary_tract (5 cases),small_intestine (5 cases),thyroid (4 cases),soft_tissue (3 cases),testis (3 cases),cervix (1 cases),large_intestine (1 cases)","S37A/S37S/S37C/SG37SP/S37Y/S37P/S37T liver (78 cases),endometrium (46 cases),stomach (30 cases),central_nervous_system (26 cases),ovary (25 cases),large_intestine (19 cases),pituitary (17 cases),pancreas (13 cases),small_intestine (13 cases),biliary_tract (10 cases),parathyroid (9 cases),skin (9 cases),lung (9 cases),urinary_tract (4 cases),soft_tissue (3 cases),bone (1 cases),breast (1 cases),kidney (1 cases),adrenal_gland (1 cases),prostate (1 cases),cervix (1 cases)","soft_tissue (646 cases),liver (587 cases),central_nervous_system (213 cases),endometrium (189 cases),large_intestine (121 cases),stomach (96 cases),pancreas (92 cases),pituitary (79 cases),skin (66 cases),ovary (60 cases),kidney (23 cases),prostate (22 cases),biliary_tract (20 cases),lung (16 cases),small_intestine (15 cases),salivary_gland (13 cases),bone (13 cases),thyroid (12 cases),breast (11 cases),haematopoietic_and_lymphoid_tissue (11 cases),adrenal_gland (9 cases),testis (7 cases),urinary_tract (6 cases),NS (4 cases),parathyroid (2 cases),cervix (2 cases),peritoneum (1 cases),oesophagus (1 cases),upper_aerodigestive_tract (1 cases),thymus (1 cases)","soft_tissue (1075 cases),liver (927 cases),large_intestine (359 cases),endometrium (309 cases),central_nervous_system (258 cases),stomach (198 cases),pancreas (131 cases),kidney (129 cases),skin (128 cases),pituitary (112 cases),ovary (111 cases),lung (65 cases),adrenal_gland (60 cases),haematopoietic_and_lymphoid_tissue (49 cases),biliary_tract (41 cases),small_intestine (34 cases),thyroid (33 cases),prostate (29 cases),bone (21 cases),urinary_tract (19 cases),breast (17 cases),salivary_gland (14 cases),oesophagus (12 cases),parathyroid (11 cases),testis (10 cases),cervix (8 cases),NS (5 cases),upper_aerodigestive_tract (3 cases),pleura (2 cases),peritoneum (1 cases),thymus (1 cases)","-","-"]
["CGST63","CGST63P2","Postoperative","MYC","S154L","v-myc avian myelocytomatosis viral oncogene homolog","CCDS6359.2",8,128750924,128750924,"C","T","Substitution","Nonsynonymous coding",{"v":1.513E-3,"d":"0.15%"},9254,14,"No","-","-","haematopoietic_and_lymphoid_tissue (9 cases),large_intestine (2 cases),pancreas (1 cases),kidney (1 cases)","haematopoietic_and_lymphoid_tissue (45 cases),large_intestine (20 cases),skin (10 cases),lung (9 cases),stomach (8 cases),endometrium (8 cases),urinary_tract (4 cases),liver (4 cases),ovary (3 cases),kidney (2 cases),pancreas (2 cases),upper_aerodigestive_tract (2 cases),biliary_tract (2 cases),bone (1 cases),breast (1 cases),oesophagus (1 cases),autonomic_ganglia (1 cases),prostate (1 cases),thyroid (1 cases)"," Myc amino-terminal region (16-360)","-"]
["CGST68","CGST68P2","Postoperative","ERBB4","D1184*","v-erb-b2 avian erythroblastic leukemia viral oncogene homolog 4","CCDS2394.1",2,212248718,212248718,"NULL","A","Insertion","Frameshift",{"v":0.001556,"d":"0.16%"},3857,6,"No","-","-","skin (1 cases),lung (1 cases)","large_intestine (126 cases),skin (120 cases),lung (99 cases),stomach (48 cases),liver (28 cases),breast (23 cases),oesophagus (22 cases),endometrium (22 cases),upper_aerodigestive_tract (20 cases),kidney (17 cases),pancreas (13 cases),urinary_tract (10 cases),haematopoietic_and_lymphoid_tissue (9 cases),prostate (4 cases),NS (3 cases),central_nervous_system (3 cases),biliary_tract (3 cases),bone (2 cases),autonomic_ganglia (2 cases),thyroid (2 cases),ovary (1 cases),cervix (1 cases)","-","-"]
["CGST68","CGST68P2","Postoperative","ATM","N/A","ataxia telangiectasia mutated","CCDS31669.1",11,108142134,108142134,"G","A","Substitution","Splice site donor",{"v":0.001808,"d":"0.18%"},3318,6,"No","-","-","-","haematopoietic_and_lymphoid_tissue (358 cases),large_intestine (247 cases),lung (79 cases),skin (45 cases),stomach (37 cases),breast (34 cases),kidney (34 cases),endometrium (34 cases),liver (32 cases),pancreas (27 cases),urinary_tract (24 cases),prostate (21 cases),central_nervous_system (15 cases),oesophagus (13 cases),ovary (9 cases),upper_aerodigestive_tract (9 cases),bone (6 cases),thyroid (5 cases),biliary_tract (5 cases),NS (3 cases),autonomic_ganglia (3 cases),salivary_gland (2 cases),soft_tissue (2 cases),peritoneum (1 cases),small_intestine (1 cases)","-","-"]
["CGST68","CGST68P2","Postoperative","ALK","G35_P36insL","anaplastic lymphoma receptor tyrosine kinase","CCDS33172.1",2,30143420,30143420,"NULL","GGA","Insertion","In-frame insertion",{"v":0.005551,"d":"0.56%"},2522,14,"No","-","-","-","autonomic_ganglia (206 cases),large_intestine (115 cases),lung (79 cases),skin (75 cases),stomach (23 cases),endometrium (19 cases),breast (18 cases),haematopoietic_and_lymphoid_tissue (18 cases),oesophagus (17 cases),ovary (12 cases),liver (12 cases),upper_aerodigestive_tract (9 cases),kidney (8 cases),urinary_tract (6 cases),soft_tissue (6 cases),central_nervous_system (6 cases),pancreas (5 cases),prostate (5 cases),NS (4 cases),thyroid (4 cases),adrenal_gland (3 cases),pleura (1 cases),bone (1 cases),thymus (1 cases),biliary_tract (1 cases)","-","-"]
["CGST68","CGST68P2","Postoperative","HRAS","D54Efs*53","Harvey rat sarcoma viral oncogene homolog","CCDS7698.1",11,533895,533895,"NULL","AGTACAGC","Insertion","Frameshift",{"v":0.002903,"d":"0.29%"},5856,17,"No","-","-","upper_aerodigestive_tract (1 cases),skin (1 cases),haematopoietic_and_lymphoid_tissue (1 cases),endometrium (1 cases)","skin (487 cases),urinary_tract (221 cases),thyroid (212 cases),upper_aerodigestive_tract (140 cases),soft_tissue (40 cases),salivary_gland (35 cases),prostate (35 cases),cervix (23 cases),lung (20 cases),large_intestine (15 cases),stomach (14 cases),haematopoietic_and_lymphoid_tissue (13 cases),vulva (10 cases),pituitary (10 cases),central_nervous_system (8 cases),breast (7 cases),bone (5 cases),testis (5 cases),adrenal_gland (4 cases),endometrium (4 cases),oesophagus (3 cases),penis (2 cases),kidney (2 cases),liver (2 cases),autonomic_ganglia (2 cases),biliary_tract (2 cases),ovary (1 cases),genital_tract (1 cases),thymus (1 cases)","-","-"]
["CGST69","CGST69P2","Postoperative","CDH1","E35K","cadherin 1, type 1, E-cadherin (epithelial)","CCDS10869.1",16,68772254,68772254,"G","A","Substitution","Nonsynonymous coding",{"v":0.001151,"d":"0.12%"},5212,6,"No","-","-","breast (6 cases),large_intestine (1 cases)","breast (198 cases),stomach (108 cases),large_intestine (104 cases),endometrium (20 cases),lung (16 cases),skin (15 cases),urinary_tract (12 cases),oesophagus (9 cases),haematopoietic_and_lymphoid_tissue (8 cases),upper_aerodigestive_tract (6 cases),central_nervous_system (6 cases),NS (5 cases),kidney (5 cases),prostate (5 cases),biliary_tract (5 cases),soft_tissue (4 cases),liver (4 cases),ovary (3 cases),bone (2 cases),pancreas (2 cases),thyroid (1 cases)"," Cadherin prodomain like (27-116)","-"]
["CGST69","CGST69P2","Postoperative","ALK","G35_P36insL","anaplastic lymphoma receptor tyrosine kinase","CCDS33172.1",2,30143420,30143420,"NULL","GGA","Insertion","In-frame insertion",{"v":0.001608,"d":"0.16%"},3732,6,"No","-","-","-","autonomic_ganglia (206 cases),large_intestine (115 cases),lung (79 cases),skin (75 cases),stomach (23 cases),endometrium (19 cases),breast (18 cases),haematopoietic_and_lymphoid_tissue (18 cases),oesophagus (17 cases),ovary (12 cases),liver (12 cases),upper_aerodigestive_tract (9 cases),kidney (8 cases),urinary_tract (6 cases),soft_tissue (6 cases),central_nervous_system (6 cases),pancreas (5 cases),prostate (5 cases),NS (4 cases),thyroid (4 cases),adrenal_gland (3 cases),pleura (1 cases),bone (1 cases),thymus (1 cases),biliary_tract (1 cases)","-","-"]
["CGST105","CGST105P1","Preoperative","PIK3CA","Y1021C","phosphatidylinositol-4,5-bisphosphate 3-kinase, catalytic subunit alpha","CCDS43171.1",3,178952007,178952007,"A","G","Substitution","Nonsynonymous coding",{"v":0.0004,"d":"0.04%"},4910,2,"Yes","endometrium (13 cases),large_intestine (7 cases),stomach (4 cases),ovary (1 cases),breast (1 cases),central_nervous_system (1 cases),lung (1 cases)","Y1021F/Y1021N/Y1021H lung (4 cases),endometrium (2 cases),large_intestine (1 cases),central_nervous_system (1 cases),prostate (1 cases),stomach (1 cases)","large_intestine (39 cases),breast (24 cases),endometrium (21 cases),thyroid (7 cases),ovary (5 cases),lung (5 cases),haematopoietic_and_lymphoid_tissue (4 cases),upper_aerodigestive_tract (4 cases),central_nervous_system (3 cases),stomach (1 cases),urinary_tract (1 cases),liver (1 cases),pituitary (1 cases)","breast (1991 cases),large_intestine (1502 cases),endometrium (617 cases),urinary_tract (273 cases),ovary (218 cases),lung (184 cases),central_nervous_system (168 cases),upper_aerodigestive_tract (157 cases),stomach (153 cases),thyroid (87 cases),skin (84 cases),liver (60 cases),oesophagus (46 cases),cervix (42 cases),haematopoietic_and_lymphoid_tissue (33 cases),soft_tissue (33 cases),kidney (31 cases),pancreas (26 cases),gastrointestinal_tract_(site_indeterminate) (21 cases),prostate (19 cases),salivary_gland (16 cases),NS (13 cases),pituitary (12 cases),biliary_tract (10 cases),penis (8 cases),small_intestine (8 cases),vulva (7 cases),autonomic_ganglia (6 cases),bone (5 cases),meninges (3 cases),peritoneum (2 cases),parathyroid (1 cases),pleura (1 cases),eye (1 cases)"," Phosphoinositide 3-kinase (PI3K), class IA, alpha isoform, catalytic domain (699-1064)"," Phosphoinositide 3-kinase, catalytic domain (799-1017)"]
["CGST105","CGST105P1","Preoperative","ATM","R2832H","ataxia telangiectasia mutated","CCDS31669.1",11,108216546,108216546,"G","A","Substitution","Nonsynonymous coding",{"v":0.002417,"d":"0.24%"},2482,6,"No","-","R2832R/R2832S/R2832C large_intestine (5 cases),haematopoietic_and_lymphoid_tissue (2 cases),NS (1 cases),central_nervous_system (1 cases),stomach (1 cases),lung (1 cases)","prostate (1 cases),haematopoietic_and_lymphoid_tissue (1 cases)","haematopoietic_and_lymphoid_tissue (358 cases),large_intestine (247 cases),lung (79 cases),skin (45 cases),stomach (37 cases),breast (34 cases),kidney (34 cases),endometrium (34 cases),liver (32 cases),pancreas (27 cases),urinary_tract (24 cases),prostate (21 cases),central_nervous_system (15 cases),oesophagus (13 cases),ovary (9 cases),upper_aerodigestive_tract (9 cases),bone (6 cases),thyroid (5 cases),biliary_tract (5 cases),NS (3 cases),autonomic_ganglia (3 cases),salivary_gland (2 cases),soft_tissue (2 cases),peritoneum (1 cases),small_intestine (1 cases)"," Ataxia telangiectasia mutated (ATM), catalytic domain (2683-2962); Phosphoinositide 3-kinase, catalytic domain (2715-2964)","-"]
["CGST105","CGST105P1","Preoperative","PTEN","R335*","phosphatase and tensin homolog","CCDS31238.1",10,89720852,89720852,"C","T","Substitution","Nonsense",{"v":0.004606,"d":"0.46%"},1954,9,"Yes","central_nervous_system (14 cases),endometrium (4 cases),large_intestine (3 cases),haematopoietic_and_lymphoid_tissue (3 cases),upper_aerodigestive_tract (1 cases),stomach (1 cases)","-","endometrium (17 cases),large_intestine (12 cases),central_nervous_system (8 cases),skin (3 cases),kidney (3 cases),lung (2 cases),upper_aerodigestive_tract (2 cases),breast (1 cases),prostate (1 cases),thyroid (1 cases),soft_tissue (1 cases),oesophagus (1 cases)","endometrium (845 cases),central_nervous_system (560 cases),large_intestine (337 cases),haematopoietic_and_lymphoid_tissue (131 cases),skin (101 cases),breast (99 cases),lung (75 cases),prostate (59 cases),kidney (45 cases),ovary (44 cases),stomach (42 cases),thyroid (28 cases),liver (24 cases),upper_aerodigestive_tract (18 cases),cervix (13 cases),oesophagus (12 cases),soft_tissue (11 cases),urinary_tract (11 cases),vulva (9 cases),pancreas (9 cases),NS (8 cases),biliary_tract (5 cases),eye (4 cases),salivary_gland (3 cases),bone (2 cases),genital_tract (2 cases),meninges (2 cases),autonomic_ganglia (1 cases)"," C2 domain of PTEN tumour-suppressor protein (188-349)","-"]
["CGST105","CGST105P1","Preoperative","KRAS","G12C","Kirsten rat sarcoma viral oncogene homolog","NM_033360",12,25398285,25398285,"C","A","Substitution","Nonsynonymous coding",{"v":0.004157,"d":"0.42%"},2646,11,"Yes","lung (1836 cases),large_intestine (1483 cases),pancreas (130 cases),biliary_tract (52 cases),endometrium (38 cases),ovary (35 cases),haematopoietic_and_lymphoid_tissue (19 cases),thyroid (18 cases),stomach (16 cases),soft_tissue (15 cases),urinary_tract (12 cases),breast (10 cases),prostate (10 cases),upper_aerodigestive_tract (8 cases),small_intestine (8 cases),peritoneum (7 cases),skin (5 cases),liver (4 cases),gastrointestinal_tract_(site_indeterminate) (4 cases),oesophagus (2 cases),cervix (2 cases),testis (2 cases),kidney (1 cases),genital_tract (1 cases),adrenal_gland (1 cases),central_nervous_system (1 cases)","G12R/GG12DG/GG12EG/GG12GC/GG12GR/GG12CG/G12N/GG12WG/G12G/G12A/G12S/G12Y/GG12VG/G12D/G12F/G12V/G12I/G12L large_intestine (12669 cases),pancreas (4482 cases),lung (2340 cases),ovary (566 cases),biliary_tract (536 cases),endometrium (328 cases),haematopoietic_and_lymphoid_tissue (257 cases),stomach (168 cases),small_intestine (108 cases),peritoneum (72 cases),thyroid (71 cases),prostate (64 cases),skin (60 cases),urinary_tract (50 cases),cervix (45 cases),upper_aerodigestive_tract (38 cases),gastrointestinal_tract_(site_indeterminate) (34 cases),breast (33 cases),soft_tissue (27 cases),liver (24 cases),oesophagus (18 cases),testis (14 cases),central_nervous_system (13 cases),bone (9 cases),genital_tract (5 cases),kidney (5 cases),eye (4 cases),thymus (3 cases),pleura (2 cases),salivary_gland (1 cases),penis (1 cases),vulva (1 cases),autonomic_ganglia (1 cases)","large_intestine (3499 cases),lung (287 cases),haematopoietic_and_lymphoid_tissue (138 cases),stomach (72 cases),endometrium (61 cases),ovary (47 cases),pancreas (47 cases),soft_tissue (41 cases),biliary_tract (32 cases),thyroid (24 cases),small_intestine (21 cases),gastrointestinal_tract_(site_indeterminate) (17 cases),prostate (16 cases),breast (13 cases),peritoneum (9 cases),upper_aerodigestive_tract (8 cases),liver (7 cases),urinary_tract (6 cases),oesophagus (6 cases),cervix (5 cases),salivary_gland (4 cases),pleura (3 cases),skin (3 cases),bone (2 cases),genital_tract (1 cases),thymus (1 cases),central_nervous_system (1 cases)","large_intestine (18048 cases),pancreas (4720 cases),lung (4542 cases),ovary (649 cases),biliary_tract (626 cases),haematopoietic_and_lymphoid_tissue (488 cases),endometrium (442 cases),stomach (276 cases),small_intestine (142 cases),thyroid (137 cases),prostate (93 cases),peritoneum (91 cases),soft_tissue (87 cases),skin (79 cases),urinary_tract (72 cases),upper_aerodigestive_tract (64 cases),breast (61 cases),cervix (57 cases),gastrointestinal_tract_(site_indeterminate) (55 cases),liver (44 cases),oesophagus (29 cases),central_nervous_system (25 cases),testis (16 cases),genital_tract (14 cases),bone (11 cases),salivary_gland (10 cases),kidney (9 cases),pleura (5 cases),thymus (4 cases),eye (4 cases),penis (1 cases),adrenal_gland (1 cases),vulva (1 cases),autonomic_ganglia (1 cases)"," Ras GTPase family containing H-Ras,N-Ras and K-Ras4A/4B (3-164); Ras-like protein (1-189)","-"]
["CGST109","CGST109P1","Preoperative","BRAF","G32_A33del","v-raf murine sarcoma viral oncogene homolog B","CCDS5863.1",7,140624404,140624409,"CGGCGC","NULL","Deletion","In-frame deletion",{"v":0.0008,"d":"0.08%"},1250,1,"No","-","-","haematopoietic_and_lymphoid_tissue (1 cases)","thyroid (12133 cases),skin (5148 cases),large_intestine (4462 cases),NS (860 cases),haematopoietic_and_lymphoid_tissue (515 cases),central_nervous_system (322 cases),ovary (261 cases),lung (170 cases),eye (67 cases),pituitary (57 cases),endometrium (37 cases),soft_tissue (36 cases),biliary_tract (33 cases),stomach (29 cases),breast (27 cases),prostate (27 cases),liver (24 cases),upper_aerodigestive_tract (22 cases),urinary_tract (21 cases),pancreas (18 cases),small_intestine (16 cases),bone (15 cases),testis (8 cases),cervix (6 cases),kidney (6 cases),oesophagus (5 cases),genital_tract (4 cases),adrenal_gland (4 cases),salivary_gland (2 cases),meninges (2 cases),autonomic_ganglia (2 cases),pleura (1 cases)","-","-"]
["CGST110","CGST110P1","Preoperative","ERBB4","T639M","v-erb-b2 avian erythroblastic leukemia viral oncogene homolog 4","CCDS2394.1",2,212522509,212522509,"G","A","Substitution","Nonsynonymous coding",{"v":0.001179,"d":"0.12%"},5089,6,"No","-","-","lung (3 cases),skin (2 cases),large_intestine (1 cases),urinary_tract (1 cases)","large_intestine (126 cases),skin (120 cases),lung (99 cases),stomach (48 cases),liver (28 cases),breast (23 cases),oesophagus (22 cases),endometrium (22 cases),upper_aerodigestive_tract (20 cases),kidney (17 cases),pancreas (13 cases),urinary_tract (10 cases),haematopoietic_and_lymphoid_tissue (9 cases),prostate (4 cases),NS (3 cases),central_nervous_system (3 cases),biliary_tract (3 cases),bone (2 cases),autonomic_ganglia (2 cases),thyroid (2 cases),ovary (1 cases),cervix (1 cases)","-"," Furin-like repeats (611-634); Transmembrane domain of ErbB4, a Protein Tyrosine Kinase (642-685)"]
["CGST113","CGST113P1","Preoperative","KIT","S241Y","v-kit Hardy-Zuckerman 4 feline sarcoma viral oncogene homolog","CCDS3496.1",4,55565898,55565898,"C","A","Substitution","Nonsynonymous coding",{"v":0.000366,"d":"0.04%"},2735,1,"No","-","-","cervix (10 cases),pancreas (1 cases),lung (1 cases),kidney (1 cases),endometrium (1 cases)","lung (198 cases),large_intestine (54 cases),cervix (26 cases),skin (25 cases),stomach (13 cases),pancreas (10 cases),kidney (6 cases),breast (5 cases),haematopoietic_and_lymphoid_tissue (5 cases),gastrointestinal_tract_(site_indeterminate) (5 cases),liver (3 cases),biliary_tract (3 cases),ovary (2 cases),upper_aerodigestive_tract (2 cases),central_nervous_system (2 cases),small_intestine (2 cases),endometrium (2 cases),bone (1 cases),soft_tissue (1 cases),oesophagus (1 cases),prostate (1 cases),testis (1 cases)","-","-"]
["CGST113","CGST113P1","Preoperative","STK11","Y340N","serine/threonine kinase 11","CCDS45896.1",19,1223081,1223081,"T","A","Substitution","Nonsynonymous coding",{"v":0.002453,"d":"0.25%"},2038,5,"No","-","-","cervix (10 cases),pancreas (1 cases),lung (1 cases),kidney (1 cases),endometrium (1 cases)","lung (198 cases),large_intestine (54 cases),cervix (26 cases),skin (25 cases),stomach (13 cases),pancreas (10 cases),kidney (6 cases),breast (5 cases),haematopoietic_and_lymphoid_tissue (5 cases),gastrointestinal_tract_(site_indeterminate) (5 cases),liver (3 cases),biliary_tract (3 cases),ovary (2 cases),upper_aerodigestive_tract (2 cases),central_nervous_system (2 cases),small_intestine (2 cases),endometrium (2 cases),bone (1 cases),soft_tissue (1 cases),oesophagus (1 cases),prostate (1 cases),testis (1 cases)","-","-"]
["CGST122","CGST122P1","Preoperative","MYC","R98W","v-myc avian myelocytomatosis viral oncogene homolog","CCDS6359.2",8,128750755,128750755,"C","T","Substitution","Nonsynonymous coding",{"v":0.0005,"d":"0.05%"},4000,2,"No","-","-","haematopoietic_and_lymphoid_tissue (2 cases),large_intestine (1 cases)","haematopoietic_and_lymphoid_tissue (45 cases),large_intestine (20 cases),skin (10 cases),lung (9 cases),stomach (8 cases),endometrium (8 cases),urinary_tract (4 cases),liver (4 cases),ovary (3 cases),kidney (2 cases),pancreas (2 cases),upper_aerodigestive_tract (2 cases),biliary_tract (2 cases),bone (1 cases),breast (1 cases),oesophagus (1 cases),autonomic_ganglia (1 cases),prostate (1 cases),thyroid (1 cases)"," Myc amino-terminal region (16-360)","-"]
["CGST133","CGST133P1","Preoperative","KRAS","G12V","Kirsten rat sarcoma viral oncogene homolog","NM_033360",12,25398284,25398284,"C","A","Substitution","Nonsynonymous coding",{"v":0.0006,"d":"0.06%"},1802,1,"Yes","large_intestine (4114 cases),pancreas (1468 cases),lung (960 cases),ovary (244 cases),biliary_tract (112 cases),endometrium (97 cases),haematopoietic_and_lymphoid_tissue (45 cases),prostate (39 cases),stomach (33 cases),skin (25 cases),small_intestine (24 cases),peritoneum (18 cases),urinary_tract (16 cases),thyroid (14 cases),gastrointestinal_tract_(site_indeterminate) (10 cases),breast (9 cases),cervix (8 cases),testis (6 cases),liver (5 cases),soft_tissue (4 cases),oesophagus (4 cases),genital_tract (3 cases),upper_aerodigestive_tract (3 cases),pleura (2 cases),kidney (2 cases),thymus (2 cases),vulva (1 cases),autonomic_ganglia (1 cases),eye (1 cases),central_nervous_system (1 cases)","G12R/GG12DG/GG12EG/GG12GC/GG12GR/GG12CG/G12C/G12N/GG12WG/G12G/G12A/G12S/G12Y/GG12VG/G12D/G12F/G12I/G12L large_intestine (10038 cases),lung (3216 cases),pancreas (3144 cases),biliary_tract (476 cases),ovary (357 cases),endometrium (269 cases),haematopoietic_and_lymphoid_tissue (231 cases),stomach (151 cases),small_intestine (92 cases),thyroid (75 cases),peritoneum (61 cases),urinary_tract (46 cases),upper_aerodigestive_tract (43 cases),skin (40 cases),cervix (39 cases),soft_tissue (38 cases),prostate (35 cases),breast (34 cases),gastrointestinal_tract_(site_indeterminate) (28 cases),liver (23 cases),oesophagus (16 cases),central_nervous_system (13 cases),testis (10 cases),bone (9 cases),kidney (4 cases),genital_tract (3 cases),eye (3 cases),salivary_gland (1 cases),penis (1 cases),adrenal_gland (1 cases),thymus (1 cases)","large_intestine (3499 cases),lung (287 cases),haematopoietic_and_lymphoid_tissue (138 cases),stomach (72 cases),endometrium (61 cases),ovary (47 cases),pancreas (47 cases),soft_tissue (41 cases),biliary_tract (32 cases),thyroid (24 cases),small_intestine (21 cases),gastrointestinal_tract_(site_indeterminate) (17 cases),prostate (16 cases),breast (13 cases),peritoneum (9 cases),upper_aerodigestive_tract (8 cases),liver (7 cases),urinary_tract (6 cases),oesophagus (6 cases),cervix (5 cases),salivary_gland (4 cases),pleura (3 cases),skin (3 cases),bone (2 cases),genital_tract (1 cases),thymus (1 cases),central_nervous_system (1 cases)","large_intestine (18048 cases),pancreas (4720 cases),lung (4542 cases),ovary (649 cases),biliary_tract (626 cases),haematopoietic_and_lymphoid_tissue (488 cases),endometrium (442 cases),stomach (276 cases),small_intestine (142 cases),thyroid (137 cases),prostate (93 cases),peritoneum (91 cases),soft_tissue (87 cases),skin (79 cases),urinary_tract (72 cases),upper_aerodigestive_tract (64 cases),breast (61 cases),cervix (57 cases),gastrointestinal_tract_(site_indeterminate) (55 cases),liver (44 cases),oesophagus (29 cases),central_nervous_system (25 cases),testis (16 cases),genital_tract (14 cases),bone (11 cases),salivary_gland (10 cases),kidney (9 cases),pleura (5 cases),thymus (4 cases),eye (4 cases),penis (1 cases),adrenal_gland (1 cases),vulva (1 cases),autonomic_ganglia (1 cases)"," Ras GTPase family containing H-Ras,N-Ras and K-Ras4A/4B (3-164); Ras-like protein (1-189)","-"]
["CGST134","CGST134P1","Preoperative","MYC","S225L","v-myc avian myelocytomatosis viral oncogene homolog","CCDS6359.2",8,128751137,128751137,"C","T","Substitution","Nonsynonymous coding",{"v":3.7216226274655752E-4,"d":"0.04%"},2687,1,"No","-","-","-","haematopoietic_and_lymphoid_tissue (45 cases),large_intestine (20 cases),skin (10 cases),lung (9 cases),stomach (8 cases),endometrium (8 cases),urinary_tract (4 cases),liver (4 cases),ovary (3 cases),kidney (2 cases),pancreas (2 cases),upper_aerodigestive_tract (2 cases),biliary_tract (2 cases),bone (1 cases),breast (1 cases),oesophagus (1 cases),autonomic_ganglia (1 cases),prostate (1 cases),thyroid (1 cases)"," Myc amino-terminal region (16-360)","-"]
["CGST134","CGST134P1","Preoperative","BRAF","G32_A33del","v-raf murine sarcoma viral oncogene homolog B","CCDS5863.1",7,140624404,140624409,"CGGCGC","NULL","Deletion","In-frame deletion",{"v":0.002178649237472767,"d":"0.22%"},459,1,"No","-","-","haematopoietic_and_lymphoid_tissue (1 cases)","thyroid (12133 cases),skin (5148 cases),large_intestine (4462 cases),NS (860 cases),haematopoietic_and_lymphoid_tissue (515 cases),central_nervous_system (322 cases),ovary (261 cases),lung (170 cases),eye (67 cases),pituitary (57 cases),endometrium (37 cases),soft_tissue (36 cases),biliary_tract (33 cases),stomach (29 cases),breast (27 cases),prostate (27 cases),liver (24 cases),upper_aerodigestive_tract (22 cases),urinary_tract (21 cases),pancreas (18 cases),small_intestine (16 cases),bone (15 cases),testis (8 cases),cervix (6 cases),kidney (6 cases),oesophagus (5 cases),genital_tract (4 cases),adrenal_gland (4 cases),salivary_gland (2 cases),meninges (2 cases),autonomic_ganglia (2 cases),pleura (1 cases)","-","-"]
["CGST141","CGST141P1","Preoperative","ERBB2","L785delinsHHVCF","v-erb-b2 avian erythroblastic leukemia viral oncogene homolog 2","CCDS32642.1",17,37881025,37881025,"NULL","ATCACGTATGCT","Insertion","In-frame insertion",{"v":0.000854,"d":"0.09%"},7024,6,"No","-","-","lung (5 cases),large_intestine (2 cases),upper_aerodigestive_tract (1 cases),breast (1 cases),NS (1 cases),prostate (1 cases),small_intestine (1 cases)","lung (104 cases),large_intestine (78 cases),breast (42 cases),stomach (39 cases),urinary_tract (36 cases),skin (30 cases),ovary (17 cases),pancreas (15 cases),haematopoietic_and_lymphoid_tissue (12 cases),upper_aerodigestive_tract (12 cases),endometrium (11 cases),kidney (10 cases),oesophagus (8 cases),biliary_tract (8 cases),central_nervous_system (7 cases),small_intestine (7 cases),liver (6 cases),prostate (6 cases),bone (1 cases),NS (1 cases),soft_tissue (1 cases),thyroid (1 cases)"," Catalytic domain of the Protein Tyrosine Kinase, HER2 (712-990); Protein tyrosine kinase (720-976)","-"]
["CGST152","CGST152P1","Preoperative","ALK","P36*","anaplastic lymphoma receptor tyrosine kinase","CCDS33172.1",2,30143421,30143421,"NULL","GAGCCACTCA","Insertion","Frameshift",{"v":0.007121,"d":"0.71%"},983,7,"No","-","-","-","autonomic_ganglia (206 cases),large_intestine (115 cases),lung (79 cases),skin (75 cases),stomach (23 cases),endometrium (19 cases),breast (18 cases),haematopoietic_and_lymphoid_tissue (18 cases),oesophagus (17 cases),ovary (12 cases),liver (12 cases),upper_aerodigestive_tract (9 cases),kidney (8 cases),urinary_tract (6 cases),soft_tissue (6 cases),central_nervous_system (6 cases),pancreas (5 cases),prostate (5 cases),NS (4 cases),thyroid (4 cases),adrenal_gland (3 cases),pleura (1 cases),bone (1 cases),thymus (1 cases),biliary_tract (1 cases)","-","-"]
["CGST24","CGST24P1","Preoperative","AR","E323K","androgen receptor","CCDS14387.1","X",66765955,66765955,"G","A","Substitution","Nonsynonymous coding",{"v":0.0002,"d":"0.02%"},4408,1,"Yes","breast (12 cases),haematopoietic_and_lymphoid_tissue (11 cases),large_intestine (11 cases),pancreas (8 cases),oesophagus (7 cases),central_nervous_system (6 cases),ovary (5 cases),soft_tissue (5 cases),stomach (3 cases),lung (2 cases),endometrium (2 cases),skin (1 cases),bone (1 cases),upper_aerodigestive_tract (1 cases)","C238W/C238F/C238S/C238C/C238G/C238R ovary (12 cases),breast (11 cases),lung (10 cases),haematopoietic_and_lymphoid_tissue (7 cases),liver (6 cases),large_intestine (6 cases),upper_aerodigestive_tract (5 cases),urinary_tract (4 cases),oesophagus (4 cases),skin (4 cases),central_nervous_system (4 cases),soft_tissue (3 cases),endometrium (3 cases),stomach (2 cases),pancreas (2 cases),prostate (2 cases),biliary_tract (2 cases),bone (1 cases),meninges (1 cases),small_intestine (1 cases)","ovary (114 cases),breast (113 cases),large_intestine (113 cases),lung (106 cases),haematopoietic_and_lymphoid_tissue (91 cases),upper_aerodigestive_tract (88 cases),oesophagus (80 cases),central_nervous_system (71 cases),urinary_tract (63 cases),stomach (51 cases),liver (50 cases),skin (39 cases),pancreas (28 cases),endometrium (23 cases),biliary_tract (19 cases),prostate (18 cases),soft_tissue (13 cases),kidney (9 cases),cervix (7 cases),bone (6 cases),vulva (5 cases),eye (5 cases),thyroid (4 cases),thymus (2 cases),salivary_gland (1 cases),pleura (1 cases),peritoneum (1 cases),adrenal_gland (1 cases),testis (1 cases),small_intestine (1 cases),fallopian_tube (1 cases)","large_intestine (2857 cases),lung (1950 cases),breast (1840 cases),upper_aerodigestive_tract (1518 cases),oesophagus (1478 cases),ovary (1326 cases),central_nervous_system (1152 cases),haematopoietic_and_lymphoid_tissue (1148 cases),stomach (938 cases),liver (933 cases),urinary_tract (926 cases),pancreas (594 cases),skin (585 cases),prostate (222 cases),endometrium (215 cases),biliary_tract (207 cases),soft_tissue (177 cases),vulva (110 cases),bone (103 cases),kidney (98 cases),adrenal_gland (63 cases),thyroid (62 cases),cervix (59 cases),small_intestine (43 cases),salivary_gland (38 cases),peritoneum (23 cases),eye (22 cases),pleura (18 cases),thymus (16 cases),genital_tract (15 cases),NS (13 cases),penis (9 cases),testis (6 cases),autonomic_ganglia (5 cases),meninges (3 cases),fallopian_tube (2 cases),pituitary (2 cases),placenta (1 cases),gastrointestinal_tract_(site_indeterminate) (1 cases),vagina (1 cases)"," P53 DNA-binding domain (109-288)","-"]
["CGST24","CGST24P1","Preoperative","KIT","L939V","v-kit Hardy-Zuckerman 4 feline sarcoma viral oncogene homolog","CCDS3496.1",4,55604607,55604607,"T","G","Substitution","Nonsynonymous coding",{"v":7.8349438495690785E-4,"d":"0.08%"},3829,3,"Yes","breast (12 cases),haematopoietic_and_lymphoid_tissue (11 cases),large_intestine (11 cases),pancreas (8 cases),oesophagus (7 cases),central_nervous_system (6 cases),ovary (5 cases),soft_tissue (5 cases),stomach (3 cases),lung (2 cases),endometrium (2 cases),skin (1 cases),bone (1 cases),upper_aerodigestive_tract (1 cases)","C238W/C238F/C238S/C238C/C238G/C238R ovary (12 cases),breast (11 cases),lung (10 cases),haematopoietic_and_lymphoid_tissue (7 cases),liver (6 cases),large_intestine (6 cases),upper_aerodigestive_tract (5 cases),urinary_tract (4 cases),oesophagus (4 cases),skin (4 cases),central_nervous_system (4 cases),soft_tissue (3 cases),endometrium (3 cases),stomach (2 cases),pancreas (2 cases),prostate (2 cases),biliary_tract (2 cases),bone (1 cases),meninges (1 cases),small_intestine (1 cases)","ovary (114 cases),breast (113 cases),large_intestine (113 cases),lung (106 cases),haematopoietic_and_lymphoid_tissue (91 cases),upper_aerodigestive_tract (88 cases),oesophagus (80 cases),central_nervous_system (71 cases),urinary_tract (63 cases),stomach (51 cases),liver (50 cases),skin (39 cases),pancreas (28 cases),endometrium (23 cases),biliary_tract (19 cases),prostate (18 cases),soft_tissue (13 cases),kidney (9 cases),cervix (7 cases),bone (6 cases),vulva (5 cases),eye (5 cases),thyroid (4 cases),thymus (2 cases),salivary_gland (1 cases),pleura (1 cases),peritoneum (1 cases),adrenal_gland (1 cases),testis (1 cases),small_intestine (1 cases),fallopian_tube (1 cases)","large_intestine (2857 cases),lung (1950 cases),breast (1840 cases),upper_aerodigestive_tract (1518 cases),oesophagus (1478 cases),ovary (1326 cases),central_nervous_system (1152 cases),haematopoietic_and_lymphoid_tissue (1148 cases),stomach (938 cases),liver (933 cases),urinary_tract (926 cases),pancreas (594 cases),skin (585 cases),prostate (222 cases),endometrium (215 cases),biliary_tract (207 cases),soft_tissue (177 cases),vulva (110 cases),bone (103 cases),kidney (98 cases),adrenal_gland (63 cases),thyroid (62 cases),cervix (59 cases),small_intestine (43 cases),salivary_gland (38 cases),peritoneum (23 cases),eye (22 cases),pleura (18 cases),thymus (16 cases),genital_tract (15 cases),NS (13 cases),penis (9 cases),testis (6 cases),autonomic_ganglia (5 cases),meninges (3 cases),fallopian_tube (2 cases),pituitary (2 cases),placenta (1 cases),gastrointestinal_tract_(site_indeterminate) (1 cases),vagina (1 cases)"," P53 DNA-binding domain (109-288)","-"]
["CGST26","CGST26P1","Preoperative","CDK4","L125Q","cyclin-dependent kinase 4","CCDS8953.1",12,58144854,58144854,"A","T","Substitution","Nonsynonymous coding",{"v":0.0007,"d":"0.07%"},{"v":1428.5714285714287,"d":"1429"},1,"No","-","L125V urinary_tract (1 cases)","liver (1 cases),large_intestine (1 cases)","large_intestine (13 cases),skin (8 cases),endometrium (6 cases),haematopoietic_and_lymphoid_tissue (4 cases),breast (3 cases),kidney (3 cases),prostate (2 cases),lung (2 cases),urinary_tract (2 cases),biliary_tract (2 cases),ovary (1 cases),NS (1 cases),pancreas (1 cases),liver (1 cases),oesophagus (1 cases),central_nervous_system (1 cases)"," Catalytic domain of the Serine/Threonine Kinase, Cyclin-Dependent protein Kinase 4 (5-295); Serine/Threonine protein kinases, catalytic domain (6-295)","-"]
["CGST28","CGST28P1","Preoperative","PIK3R1","R577_L581del","phosphoinositide-3-kinase, regulatory subunit 1 (alpha)","CCDS3993.1",5,67591135,67591149,"GAGAGACCAATACTT","NULL","Deletion","In-frame deletion",{"v":0.007022,"d":"0.70%"},712,5,"No","endometrium (1 cases)","-","endometrium (27 cases),breast (13 cases),large_intestine (11 cases),central_nervous_system (9 cases),ovary (2 cases),stomach (2 cases),skin (1 cases),haematopoietic_and_lymphoid_tissue (1 cases),urinary_tract (1 cases),meninges (1 cases),upper_aerodigestive_tract (1 cases),oesophagus (1 cases)","endometrium (108 cases),large_intestine (105 cases),central_nervous_system (50 cases),breast (43 cases),skin (17 cases),lung (16 cases),haematopoietic_and_lymphoid_tissue (15 cases),stomach (8 cases),oesophagus (8 cases),liver (7 cases),upper_aerodigestive_tract (7 cases),ovary (6 cases),kidney (5 cases),urinary_tract (4 cases),pancreas (2 cases),prostate (2 cases),bone (1 cases),thyroid (1 cases),meninges (1 cases),cervix (1 cases)","-","-"]
["CGST28","CGST28P1","Preoperative","JAK2","L611S","Janus kinase 2","CCDS6457.1",9,5073753,5073753,"T","C","Substitution","Nonsynonymous coding",{"v":0.134951,"d":"13.50%"},1030,139,"No","haematopoietic_and_lymphoid_tissue (2 cases)","L611V haematopoietic_and_lymphoid_tissue (3 cases)","haematopoietic_and_lymphoid_tissue (8 cases),breast (1 cases),lung (1 cases)","haematopoietic_and_lymphoid_tissue (35385 cases),large_intestine (84 cases),lung (39 cases),skin (16 cases),stomach (15 cases),endometrium (15 cases),breast (12 cases),kidney (12 cases),liver (10 cases),ovary (7 cases),prostate (7 cases),oesophagus (6 cases),upper_aerodigestive_tract (5 cases),central_nervous_system (3 cases),bone (2 cases),urinary_tract (2 cases),thyroid (2 cases),meninges (1 cases)"," Pseudokinase (repeat 1) domain of the Protein Tyrosine Kinases, Janus kinases 2 and 3 (549-806)","-"]
["CGST45","CGST45P1","Preoperative","PTEN","A137E","phosphatase and tensin homolog","CCDS31238.1",10,89692926,89692926,"C","A","Substitution","Nonsynonymous coding",{"v":6.6644451849383541E-4,"d":"0.07%"},3001,2,"No","-","A137V/A137T upper_aerodigestive_tract (1 cases),large_intestine (1 cases)","endometrium (43 cases),central_nervous_system (25 cases),large_intestine (23 cases),ovary (4 cases),breast (4 cases),skin (4 cases),thyroid (4 cases),prostate (3 cases),lung (3 cases),cervix (2 cases),bone (1 cases),NS (1 cases),haematopoietic_and_lymphoid_tissue (1 cases),liver (1 cases),genital_tract (1 cases),meninges (1 cases),upper_aerodigestive_tract (1 cases)","endometrium (845 cases),central_nervous_system (560 cases),large_intestine (337 cases),haematopoietic_and_lymphoid_tissue (131 cases),skin (101 cases),breast (99 cases),lung (75 cases),prostate (59 cases),kidney (45 cases),ovary (44 cases),stomach (42 cases),thyroid (28 cases),liver (24 cases),upper_aerodigestive_tract (18 cases),cervix (13 cases),oesophagus (12 cases),soft_tissue (11 cases),urinary_tract (11 cases),vulva (9 cases),pancreas (9 cases),NS (8 cases),biliary_tract (5 cases),eye (4 cases),salivary_gland (3 cases),bone (2 cases),genital_tract (2 cases),meninges (2 cases),autonomic_ganglia (1 cases)"," Protein tyrosine phosphatases (PTP) catalyze the dephosphorylation of phosphotyrosine peptides (87-184)","-"]
["CGST48","CGST48P1","Preoperative","FBXW7","R505L","F-box and WD repeat domain containing 7, E3 ubiquitin protein ligase","CCDS3777.1",4,153247288,153247288,"C","A","Substitution","Nonsynonymous coding",{"v":2.32E-3,"d":"0.23%"},5603,13,"No","ovary (2 cases),large_intestine (2 cases),haematopoietic_and_lymphoid_tissue (2 cases),upper_aerodigestive_tract (1 cases)","R505P/R505G/R505H/R505C/R505S haematopoietic_and_lymphoid_tissue (31 cases),large_intestine (30 cases),endometrium (7 cases),skin (4 cases),lung (4 cases),urinary_tract (3 cases),oesophagus (3 cases),upper_aerodigestive_tract (2 cases),biliary_tract (2 cases),ovary (1 cases),stomach (1 cases),pancreas (1 cases)","breast (14 cases),large_intestine (3 cases),skin (2 cases),stomach (2 cases),lung (2 cases)","large_intestine (336 cases),haematopoietic_and_lymphoid_tissue (179 cases),endometrium (62 cases),lung (45 cases),stomach (44 cases),breast (39 cases),skin (31 cases),upper_aerodigestive_tract (20 cases),urinary_tract (19 cases),oesophagus (16 cases),pancreas (13 cases),ovary (12 cases),central_nervous_system (11 cases),biliary_tract (11 cases),kidney (10 cases),small_intestine (5 cases),liver (4 cases),soft_tissue (3 cases),prostate (2 cases),salivary_gland (1 cases),bone (1 cases),NS (1 cases),cervix (1 cases),eye (1 cases)"," FOG: WD40 repeat [General function prediction only] (320-660); WD40 domain, found in a number of eukaryotic proteins that cover a wide variety of functions including adaptor/regulatory modules in signal transduction, pre-mRNA processing and cytoskeleton assembly (374-650)","-"]
["CGST48","CGST48P1","Preoperative","TP53","N239S","tumor protein p53","CCDS11118.1",17,7577565,7577565,"T","C","Substitution","Nonsynonymous coding",{"v":0.005005,"d":"0.50%"},4396,22,"Yes","haematopoietic_and_lymphoid_tissue (4 cases),urinary_tract (4 cases),large_intestine (3 cases),lung (2 cases),upper_aerodigestive_tract (2 cases),oesophagus (2 cases),ovary (1 cases),vulva (1 cases),breast (1 cases),stomach (1 cases),soft_tissue (1 cases),kidney (1 cases),central_nervous_system (1 cases),endometrium (1 cases)","N239I/NS239SS/NS239*S/N239N/N239Y/N239T/N239K/N239D ovary (12 cases),haematopoietic_and_lymphoid_tissue (12 cases),large_intestine (7 cases),lung (5 cases),upper_aerodigestive_tract (5 cases),liver (4 cases),breast (3 cases),stomach (3 cases),urinary_tract (3 cases),oesophagus (3 cases),prostate (3 cases),biliary_tract (3 cases),central_nervous_system (2 cases),endometrium (2 cases),kidney (1 cases),peritoneum (1 cases),thyroid (1 cases),fallopian_tube (1 cases)","large_intestine (148 cases),breast (141 cases),ovary (127 cases),lung (126 cases),haematopoietic_and_lymphoid_tissue (108 cases),upper_aerodigestive_tract (103 cases),oesophagus (95 cases),central_nervous_system (82 cases),liver (67 cases),stomach (66 cases),urinary_tract (64 cases),skin (45 cases),pancreas (40 cases),endometrium (30 cases),soft_tissue (21 cases),biliary_tract (21 cases),prostate (19 cases),kidney (14 cases),bone (8 cases),cervix (8 cases),vulva (5 cases),eye (5 cases),thyroid (3 cases),adrenal_gland (2 cases),thymus (2 cases),small_intestine (2 cases),salivary_gland (1 cases),meninges (1 cases),testis (1 cases)","large_intestine (2857 cases),lung (1950 cases),breast (1840 cases),upper_aerodigestive_tract (1518 cases),oesophagus (1478 cases),ovary (1326 cases),central_nervous_system (1152 cases),haematopoietic_and_lymphoid_tissue (1148 cases),stomach (938 cases),liver (933 cases),urinary_tract (926 cases),pancreas (594 cases),skin (585 cases),prostate (222 cases),endometrium (215 cases),biliary_tract (207 cases),soft_tissue (177 cases),vulva (110 cases),bone (103 cases),kidney (98 cases),adrenal_gland (63 cases),thyroid (62 cases),cervix (59 cases),small_intestine (43 cases),salivary_gland (38 cases),peritoneum (23 cases),eye (22 cases),pleura (18 cases),thymus (16 cases),genital_tract (15 cases),NS (13 cases),penis (9 cases),testis (6 cases),autonomic_ganglia (5 cases),meninges (3 cases),fallopian_tube (2 cases),pituitary (2 cases),placenta (1 cases),gastrointestinal_tract_(site_indeterminate) (1 cases),vagina (1 cases)"," P53 DNA-binding domain (109-288)","-"]
["CGST57","CGST57P1","Preoperative","KIT","A895T","v-kit Hardy-Zuckerman 4 feline sarcoma viral oncogene homolog","CCDS3496.1",4,55602973,55602973,"G","A","Substitution","Nonsynonymous coding",{"v":0.000878348704435661,"d":"0.09%"},2277,2,"No","large_intestine (1 cases),NS (1 cases),stomach (1 cases)","-","-","haematopoietic_and_lymphoid_tissue (1127 cases),soft_tissue (980 cases),skin (203 cases),large_intestine (165 cases),testis (50 cases),genital_tract (41 cases),lung (36 cases),ovary (25 cases),breast (25 cases),endometrium (21 cases),liver (19 cases),stomach (16 cases),thymus (14 cases),central_nervous_system (14 cases),eye (10 cases),salivary_gland (9 cases),pancreas (8 cases),oesophagus (7 cases),NS (6 cases),urinary_tract (6 cases),kidney (5 cases),bone (4 cases),prostate (4 cases),upper_aerodigestive_tract (3 cases),autonomic_ganglia (1 cases),biliary_tract (1 cases)"," Catalytic domain of the Protein Tyrosine Kinase, Kit (553-928); Protein tyrosine kinase (771-924)","-"]
["CGST57","CGST57P1","Preoperative","ABL1","G254R","c-abl oncogene 1, non-receptor tyrosine kinase","CCDS35166.1",9,133738360,133738360,"G","A","Substitution","Nonsynonymous coding",{"v":0.003341,"d":"0.33%"},2095,7,"No","-","-","haematopoietic_and_lymphoid_tissue (72 cases),large_intestine (4 cases),stomach (2 cases),lung (1 cases),endometrium (1 cases),kidney (1 cases)","haematopoietic_and_lymphoid_tissue (261 cases),large_intestine (65 cases),skin (31 cases),lung (20 cases),endometrium (15 cases),stomach (13 cases),ovary (11 cases),kidney (9 cases),urinary_tract (8 cases),liver (8 cases),breast (7 cases),oesophagus (5 cases),upper_aerodigestive_tract (5 cases),central_nervous_system (5 cases),bone (2 cases),pancreas (1 cases),prostate (1 cases),thyroid (1 cases)"," Catalytic domain of the Protein Tyrosine Kinase, Abelson kinase (235-497); Protein tyrosine kinase (242-493)","-"]
["CGST63","CGST63P1","Preoperative","ATM","K3043R","ataxia telangiectasia mutated","CCDS31669.1",11,108236192,108236192,"A","G","Substitution","Nonsynonymous coding",{"v":0.000647,"d":"0.06%"},3091,2,"No","-","-","haematopoietic_and_lymphoid_tissue (4 cases),large_intestine (3 cases),breast (1 cases),endometrium (1 cases)","haematopoietic_and_lymphoid_tissue (358 cases),large_intestine (247 cases),lung (79 cases),skin (45 cases),stomach (37 cases),breast (34 cases),kidney (34 cases),endometrium (34 cases),liver (32 cases),pancreas (27 cases),urinary_tract (24 cases),prostate (21 cases),central_nervous_system (15 cases),oesophagus (13 cases),ovary (9 cases),upper_aerodigestive_tract (9 cases),bone (6 cases),thyroid (5 cases),biliary_tract (5 cases),NS (3 cases),autonomic_ganglia (3 cases),salivary_gland (2 cases),soft_tissue (2 cases),peritoneum (1 cases),small_intestine (1 cases)"," FATC domain (3026-3055)","-"]
["CGST63","CGST63P1","Preoperative","ATM","T547P","ataxia telangiectasia mutated","CCDS31669.1",11,108122595,108122595,"A","C","Substitution","Nonsynonymous coding",{"v":0.00168,"d":"0.17%"},1786,3,"No","-","-","liver (2 cases),skin (1 cases),haematopoietic_and_lymphoid_tissue (1 cases),endometrium (1 cases)","haematopoietic_and_lymphoid_tissue (358 cases),large_intestine (247 cases),lung (79 cases),skin (45 cases),stomach (37 cases),breast (34 cases),kidney (34 cases),endometrium (34 cases),liver (32 cases),pancreas (27 cases),urinary_tract (24 cases),prostate (21 cases),central_nervous_system (15 cases),oesophagus (13 cases),ovary (9 cases),upper_aerodigestive_tract (9 cases),bone (6 cases),thyroid (5 cases),biliary_tract (5 cases),NS (3 cases),autonomic_ganglia (3 cases),salivary_gland (2 cases),soft_tissue (2 cases),peritoneum (1 cases),small_intestine (1 cases)","-","-"]
["CGST63","CGST63P1","Preoperative","PIK3CA","C420R","phosphatidylinositol-4,5-bisphosphate 3-kinase, catalytic subunit alpha","CCDS43171.1",3,178927980,178927980,"T","C","Substitution","Nonsynonymous coding",{"v":0.002089,"d":"0.21%"},1436,3,"Yes","breast (19 cases),large_intestine (14 cases),endometrium (11 cases),stomach (3 cases),central_nervous_system (2 cases),salivary_gland (1 cases),NS (1 cases),prostate (1 cases),lung (1 cases),small_intestine (1 cases)","C420C large_intestine (4 cases)","large_intestine (11 cases),breast (4 cases),endometrium (2 cases),upper_aerodigestive_tract (1 cases),urinary_tract (1 cases)","breast (1991 cases),large_intestine (1502 cases),endometrium (617 cases),urinary_tract (273 cases),ovary (218 cases),lung (184 cases),central_nervous_system (168 cases),upper_aerodigestive_tract (157 cases),stomach (153 cases),thyroid (87 cases),skin (84 cases),liver (60 cases),oesophagus (46 cases),cervix (42 cases),haematopoietic_and_lymphoid_tissue (33 cases),soft_tissue (33 cases),kidney (31 cases),pancreas (26 cases),gastrointestinal_tract_(site_indeterminate) (21 cases),prostate (19 cases),salivary_gland (16 cases),NS (13 cases),pituitary (12 cases),biliary_tract (10 cases),penis (8 cases),small_intestine (8 cases),vulva (7 cases),autonomic_ganglia (6 cases),bone (5 cases),meninges (3 cases),peritoneum (2 cases),parathyroid (1 cases),pleura (1 cases),eye (1 cases)"," C2 domain present in class I alpha phosphatidylinositol 3-kinases (PI3Ks) (325-484)","-"]
["CGST63","CGST63P1","Preoperative","CTNNB1","G34E","catenin (cadherin-associated protein), beta 1, 88kDa","CCDS2694.1",3,41266104,41266104,"G","A","Substitution","Nonsynonymous coding",{"v":0.002672,"d":"0.27%"},2620,7,"Yes","liver (33 cases),central_nervous_system (16 cases),endometrium (15 cases),stomach (7 cases),skin (6 cases),ovary (4 cases),large_intestine (4 cases),soft_tissue (3 cases),prostate (1 cases),lung (1 cases),testis (1 cases)","G34V/G34R liver (72 cases),endometrium (30 cases),central_nervous_system (25 cases),pancreas (21 cases),ovary (10 cases),stomach (10 cases),large_intestine (8 cases),pituitary (7 cases),skin (5 cases),soft_tissue (4 cases),lung (4 cases),bone (2 cases),breast (1 cases),prostate (1 cases),testis (1 cases),biliary_tract (1 cases)","liver (450 cases),central_nervous_system (211 cases),endometrium (187 cases),stomach (136 cases),pancreas (99 cases),pituitary (79 cases),ovary (75 cases),skin (72 cases),large_intestine (66 cases),lung (33 cases),small_intestine (31 cases),soft_tissue (23 cases),biliary_tract (23 cases),urinary_tract (14 cases),prostate (13 cases),salivary_gland (12 cases),kidney (12 cases),parathyroid (11 cases),bone (9 cases),thyroid (8 cases),testis (8 cases),oesophagus (7 cases),adrenal_gland (7 cases),haematopoietic_and_lymphoid_tissue (6 cases),breast (5 cases),NS (4 cases),cervix (3 cases),peritoneum (1 cases),thymus (1 cases)","soft_tissue (1075 cases),liver (927 cases),large_intestine (359 cases),endometrium (309 cases),central_nervous_system (258 cases),stomach (198 cases),pancreas (131 cases),kidney (129 cases),skin (128 cases),pituitary (112 cases),ovary (111 cases),lung (65 cases),adrenal_gland (60 cases),haematopoietic_and_lymphoid_tissue (49 cases),biliary_tract (41 cases),small_intestine (34 cases),thyroid (33 cases),prostate (29 cases),bone (21 cases),urinary_tract (19 cases),breast (17 cases),salivary_gland (14 cases),oesophagus (12 cases),parathyroid (11 cases),testis (10 cases),cervix (8 cases),NS (5 cases),upper_aerodigestive_tract (3 cases),pleura (2 cases),peritoneum (1 cases),thymus (1 cases)","-","-"]
["CGST68","CGST68P1","Preoperative","ALK","G35_P36insL","anaplastic lymphoma receptor tyrosine kinase","CCDS33172.1",2,30143420,30143420,"NULL","GGA","Insertion","In-frame insertion",{"v":0.000448,"d":"0.04%"},2230,1,"No","-","-","-","autonomic_ganglia (206 cases),large_intestine (115 cases),lung (79 cases),skin (75 cases),stomach (23 cases),endometrium (19 cases),breast (18 cases),haematopoietic_and_lymphoid_tissue (18 cases),oesophagus (17 cases),ovary (12 cases),liver (12 cases),upper_aerodigestive_tract (9 cases),kidney (8 cases),urinary_tract (6 cases),soft_tissue (6 cases),central_nervous_system (6 cases),pancreas (5 cases),prostate (5 cases),NS (4 cases),thyroid (4 cases),adrenal_gland (3 cases),pleura (1 cases),bone (1 cases),thymus (1 cases),biliary_tract (1 cases)","-","-"]
["CGST68","CGST68P1","Preoperative","ATM","N/A","ataxia telangiectasia mutated","CCDS31669.1",11,108142134,108142134,"G","A","Substitution","Splice site donor",{"v":6.3091482649842276E-4,"d":"0.06%"},1585,1,"No","-","-","-","autonomic_ganglia (206 cases),large_intestine (115 cases),lung (79 cases),skin (75 cases),stomach (23 cases),endometrium (19 cases),breast (18 cases),haematopoietic_and_lymphoid_tissue (18 cases),oesophagus (17 cases),ovary (12 cases),liver (12 cases),upper_aerodigestive_tract (9 cases),kidney (8 cases),urinary_tract (6 cases),soft_tissue (6 cases),central_nervous_system (6 cases),pancreas (5 cases),prostate (5 cases),NS (4 cases),thyroid (4 cases),adrenal_gland (3 cases),pleura (1 cases),bone (1 cases),thymus (1 cases),biliary_tract (1 cases)","-","-"]
["CGST68","CGST68P1","Preoperative","HRAS","D54Efs*53","Harvey rat sarcoma viral oncogene homolog","CCDS7698.1",11,533895,533895,"NULL","AGTACAGC","Insertion","In-frame insertion",{"v":0.001228,"d":"0.12%"},2443,3,"No","-","-","-","autonomic_ganglia (206 cases),large_intestine (115 cases),lung (79 cases),skin (75 cases),stomach (23 cases),endometrium (19 cases),breast (18 cases),haematopoietic_and_lymphoid_tissue (18 cases),oesophagus (17 cases),ovary (12 cases),liver (12 cases),upper_aerodigestive_tract (9 cases),kidney (8 cases),urinary_tract (6 cases),soft_tissue (6 cases),central_nervous_system (6 cases),pancreas (5 cases),prostate (5 cases),NS (4 cases),thyroid (4 cases),adrenal_gland (3 cases),pleura (1 cases),bone (1 cases),thymus (1 cases),biliary_tract (1 cases)","-","-"]
["CGST81","CGST81P1","Preoperative","ALK","G35_P36insL","anaplastic lymphoma receptor tyrosine kinase","CCDS33172.1",2,30143420,30143420,"NULL","GGA","Insertion","In-frame insertion",{"v":0.004144,"d":"0.41%"},2413,10,"No","-","-","-","autonomic_ganglia (206 cases),large_intestine (115 cases),lung (79 cases),skin (75 cases),stomach (23 cases),endometrium (19 cases),breast (18 cases),haematopoietic_and_lymphoid_tissue (18 cases),oesophagus (17 cases),ovary (12 cases),liver (12 cases),upper_aerodigestive_tract (9 cases),kidney (8 cases),urinary_tract (6 cases),soft_tissue (6 cases),central_nervous_system (6 cases),pancreas (5 cases),prostate (5 cases),NS (4 cases),thyroid (4 cases),adrenal_gland (3 cases),pleura (1 cases),bone (1 cases),thymus (1 cases),biliary_tract (1 cases)","-","-"]
["CGST91","CGST91P1","Preoperative","ALK","G35_P36insL","anaplastic lymphoma receptor tyrosine kinase","CCDS33172.1",2,30143420,30143420,"NULL","GGA","Insertion","In-frame insertion",{"v":0.001607,"d":"0.16%"},3734,6,"No","-","-","-","autonomic_ganglia (206 cases),large_intestine (115 cases),lung (79 cases),skin (75 cases),stomach (23 cases),endometrium (19 cases),breast (18 cases),haematopoietic_and_lymphoid_tissue (18 cases),oesophagus (17 cases),ovary (12 cases),liver (12 cases),upper_aerodigestive_tract (9 cases),kidney (8 cases),urinary_tract (6 cases),soft_tissue (6 cases),central_nervous_system (6 cases),pancreas (5 cases),prostate (5 cases),NS (4 cases),thyroid (4 cases),adrenal_gland (3 cases),pleura (1 cases),bone (1 cases),thymus (1 cases),biliary_tract (1 cases)","-","-"]